Statistics for Countries with Letters Missing EXTREME

Click here to take the quiz!

General Stats

  • This quiz has been taken 523 times
  • The average score is 8 of 10

Answer Stats

CountryContinent% Correct
{A} {F} {G} {H} {A} {N} {I} S {T} {A} {N}Asia
100%
{A} {F} {G} {H} {A} {N} {I} {S} T {A} {N}Asia
100%
{A} {F} {G} {H} {A} N {I} {S} {T} {A} {N}Asia
100%
A {L} B {A} {N} {I} {A}Europe
100%
{A} L B {A} {N} {I} {A}Europe
100%
{A} L {G} E {R} {I} {A}Africa
100%
{A} L {G} {E} R {I} {A}Africa
100%
{A} {N} D {O} {R} {R} {A}Europe
100%
{A} N {G} {O} {L} {A}Africa
100%
A {N} {G} {O} {L} {A}Africa
100%
{A} {N} {T} {I} {G} {U} {A} ↵
{A} {N} D ↵
{B} {A} {R} {B} {U} {D} {A}
North America
100%
{A} {N} T {I} {G} {U} {A} ↵
{A} {N} {D} ↵
{B} {A} {R} {B} {U} {D} {A}
North America
100%
{A} {N} {T} {I} {G} {U} {A} ↵
{A} N {D} ↵
{B} {A} {R} {B} {U} {D} {A}
North America
100%
{A} {N} {T} {I} {G} {U} {A} ↵
{A} {N} {D} ↵
{B} A {R} {B} {U} {D} {A}
North America
100%
{A} {N} {T} I {G} {U} {A} ↵
{A} {N} {D} ↵
{B} {A} {R} {B} {U} {D} {A}
North America
100%
A {N} {T} {I} {G} {U} {A} ↵
{A} {N} {D} ↵
{B} {A} {R} {B} {U} {D} {A}
North America
100%
{A} {N} {T} {I} {G} U {A} ↵
{A} {N} {D} ↵
{B} {A} {R} {B} {U} {D} {A}
North America
100%
{A} {R} G {E} {N} {T} {I} {N} {A}South America
100%
{A} R {M} {E} N {I} {A}Asia
100%
{A} {R} {M} E N {I} {A}Asia
100%
A {R} M {E} {N} {I} {A}Asia
100%
A {U} S {T} {R} {I} {A}Europe
100%
{A} U {S} T {R} {I} {A}Europe
100%
{A} {Z} E {R} {B} {A} {I} {J} {A} {N}Asia
100%
{B} A {H} {A} M {A} {S}North America
100%
{B} {A} H A {M} {A} {S}North America
100%
B {A} {H} {A} {M} A {S}North America
100%
{B} {A} H {A} {M} A {S}North America
100%
{B} {A} {H} R A {I} {N}Asia
100%
{B} {A} {H} {R} A I {N}Asia
100%
{B} {A} H {R} {A} {I} NAsia
100%
{B} {A} R {B} {A} {D} {O} SNorth America
100%
{B} {A} {R} B {A} {D} {O} SNorth America
100%
B {A} {R} {B} {A} D {O} {S}North America
100%
{B} {A} R {B} {A} {D} O {S}North America
100%
{B} {A} {R} B {A} {D} O {S}North America
100%
B {A} {R} {B} {A} {D} {O} SNorth America
100%
B {A} {R} B {A} {D} {O} {S}North America
100%
{B} {A} {R} {B} {A} D {O} SNorth America
100%
B A {R} {B} {A} {D} {O} {S}North America
100%
{B} {A} R {B} {A} D {O} {S}North America
100%
B {A} {R} {B} {A} {D} O {S}North America
100%
{B} {A} {R} {B} A {D} {O} SNorth America
100%
{B} E {L} {A} R {U} {S}Europe
100%
B {E} {L} {A} R {U} {S}Europe
100%
{B} {E} {L} {A} R U {S}Europe
100%
{B} {E} L A {R} {U} {S}Europe
100%
{B} {E} {L} {A} {R} U SEurope
100%
{B} {E} {L} A R {U} {S}Europe
100%
B {E} {L} {G} {I} {U} MEurope
100%
{B} {E} L G {I} {U} {M}Europe
100%
B {E} {L} {G} I {U} {M}Europe
100%
{B} {E} {L} G {I} U {M}Europe
100%
{B} E {L} {G} {I} {U} MEurope
100%
{B} H {U} {T} {A} {N}Asia
100%
{B} {O} {L} {I} V {I} {A}South America
100%
{B} O {S} {N} {I} {A} ↵
{A} {N} {D} ↵
{H} {E} {R} {Z} {E} {G} {O} {V} {I} {N} {A}
Europe
100%
{B} {O} {S} {N} {I} {A} ↵
{A} {N} {D} ↵
{H} {E} R {Z} {E} {G} {O} {V} {I} {N} {A}
Europe
100%
{B} {O} {S} {N} {I} {A} ↵
{A} {N} {D} ↵
{H} {E} {R} {Z} {E} {G} {O} V {I} {N} {A}
Europe
100%
{B} {R} {A} Z {I} {L}South America
100%
{B} {R} U N {E} {I}Asia
100%
{B} {R} {U} {N} E IAsia
100%
B {U} L {G} {A} {R} {I} {A}Europe
100%
{B} {U} L G {A} {R} {I} {A}Europe
100%
B U {L} {G} {A} {R} {I} {A}Europe
100%
B {U} {L} {G} {A} {R} I {A}Europe
100%
{B} {U} {L} G A {R} {I} {A}Europe
100%
{B} U {L} {G} A {R} {I} {A}Europe
100%
{B} {U} {R} {K} {I} {N} {A} ↵
{F} {A} {S} O
Africa
100%
{B} {U} {R} {K} {I} {N} {A} ↵
F {A} {S} {O}
Africa
100%
{C} {A} {M} {B} {O} D {I} AAsia
100%
{C} {A} M {B} {O} {D} I {A}Asia
100%
{C} {A} {M} {B} O D {I} {A}Asia
100%
C A {N} {A} {D} {A}North America
100%
C {A} {N} {A} {D} ANorth America
100%
{C} {A} {P} {E} ↵
{V} {E} R {D} {E}
Africa
100%
{C} {E} {N} {T} {R} {A} {L} ↵
{A} {F} {R} {I} {C} {A} {N} ↵
{R} {E} {P} {U} B {L} {I} {C}
Africa
100%
{C} {E} {N} {T} {R} {A} {L} ↵
{A} {F} {R} {I} {C} {A} {N} ↵
{R} {E} {P} {U} {B} {L} I {C}
Africa
100%
{C} {E} {N} {T} {R} {A} {L} ↵
{A} {F} {R} I {C} {A} {N} ↵
{R} {E} {P} {U} {B} {L} {I} {C}
Africa
100%
{C} {E} {N} {T} {R} {A} {L} ↵
{A} {F} R {I} {C} {A} {N} ↵
{R} {E} {P} {U} {B} {L} {I} {C}
Africa
100%
{C} {E} {N} {T} {R} {A} {L} ↵
{A} F {R} {I} {C} {A} {N} ↵
{R} {E} {P} {U} {B} {L} {I} {C}
Africa
100%
{C} {E} {N} {T} {R} {A} {L} ↵
{A} {F} {R} {I} {C} {A} {N} ↵
{R} {E} {P} {U} {B} {L} {I} C
Africa
100%
{C} E {N} {T} {R} {A} {L} ↵
{A} {F} {R} {I} {C} {A} {N} ↵
{R} {E} {P} {U} {B} {L} {I} {C}
Africa
100%
{C} {E} {N} T {R} {A} {L} ↵
{A} {F} {R} {I} {C} {A} {N} ↵
{R} {E} {P} {U} {B} {L} {I} {C}
Africa
100%
{C} {E} {N} {T} R {A} {L} ↵
{A} {F} {R} {I} {C} {A} {N} ↵
{R} {E} {P} {U} {B} {L} {I} {C}
Africa
100%
{C} {H} {I} {L} ESouth America
100%
C {H} {I} {N} AAsia
100%
{C} {H} I N {A}Asia
100%
{C} {H} I {N} AAsia
100%
{C} {O} {L} {O} M {B} {I} {A}South America
100%
{C} O {M} {O} {R} O {S}Africa
100%
C {O} M {O} {R} {O} {S}Africa
100%
C {O} {M} {O} R {O} {S}Africa
100%
{C} O {M} {O} {R} {O} SAfrica
100%
{C} {O} {S} {T} A ↵
{R} {I} {C} {A}
North America
100%
C {R} {O} {A} {T} {I} AEurope
100%
C {R} {O} A {T} {I} {A}Europe
100%
C {R} O {A} {T} {I} {A}Europe
100%
{C} {R} {O} {A} T I {A}Europe
100%
C {R} {O} {A} T {I} {A}Europe
100%
C {R} {O} {A} {T} I {A}Europe
100%
{C} {R} {O} A T {I} {A}Europe
100%
C R {O} {A} {T} {I} {A}Europe
100%
{C} {R} {O} {A} T {I} AEurope
100%
{C} {U} B {A}North America
100%
{C} U {B} {A}North America
100%
{C} {Y} P {R} {U} {S}Asia
100%
{C} Y {P} {R} {U} {S}Asia
100%
{C} {Z} {E} {C} {H} ↵
{R} {E} {P} {U} {B} {L} {I} C
Europe
100%
{C} {Z} {E} {C} {H} ↵
{R} {E} P {U} {B} {L} {I} {C}
Europe
100%
{D} {E} {M} {O} {C} {R} {A} {T} I {C} ↵
{R} {E} {P} {U} {B} {L} {I} {C} ↵
{O} {F} ↵
{T} {H} {E} ↵
{C} {O} {N} {G} {O}
Africa
100%
{D} {E} {M} O {C} {R} {A} {T} {I} {C} ↵
{R} {E} {P} {U} {B} {L} {I} {C} ↵
{O} {F} ↵
{T} {H} {E} ↵
{C} {O} {N} {G} {O}
Africa
100%
{D} {E} {M} {O} {C} {R} {A} {T} {I} {C} ↵
{R} {E} {P} {U} {B} L {I} {C} ↵
{O} {F} ↵
{T} {H} {E} ↵
{C} {O} {N} {G} {O}
Africa
100%
{D} {E} {M} {O} {C} {R} {A} {T} {I} {C} ↵
{R} {E} {P} {U} {B} {L} {I} {C} ↵
{O} F ↵
{T} {H} {E} ↵
{C} {O} {N} {G} {O}
Africa
100%
{D} {E} {M} {O} {C} {R} {A} {T} {I} {C} ↵
{R} {E} {P} {U} {B} {L} {I} {C} ↵
O {F} ↵
{T} {H} {E} ↵
{C} {O} {N} {G} {O}
Africa
100%
{D} E {M} {O} {C} {R} {A} {T} {I} {C} ↵
{R} {E} {P} {U} {B} {L} {I} {C} ↵
{O} {F} ↵
{T} {H} {E} ↵
{C} {O} {N} {G} {O}
Africa
100%
{D} {E} {M} {O} {C} R {A} {T} {I} {C} ↵
{R} {E} {P} {U} {B} {L} {I} {C} ↵
{O} {F} ↵
{T} {H} {E} ↵
{C} {O} {N} {G} {O}
Africa
100%
{D} {E} {M} {O} {C} {R} {A} {T} {I} {C} ↵
{R} {E} {P} {U} B {L} {I} {C} ↵
{O} {F} ↵
{T} {H} {E} ↵
{C} {O} {N} {G} {O}
Africa
100%
{D} {J} I {B} {O} {U} {T} {I}Africa
100%
{D} J {I} {B} {O} {U} {T} {I}Africa
100%
{D} {O} {M} {I} {N} {I} {C} A {N} ↵
{R} {E} {P} {U} {B} {L} {I} {C}
North America
100%
{D} {O} {M} {I} {N} I {C} {A} {N} ↵
{R} {E} {P} {U} {B} {L} {I} {C}
North America
100%
{D} {O} {M} {I} {N} {I} {C} {A} {N} ↵
{R} E {P} {U} {B} {L} {I} {C}
North America
100%
{D} O {M} {I} {N} {I} {C} {A} {N} ↵
{R} {E} {P} {U} {B} {L} {I} {C}
North America
100%
{D} {O} {M} I {N} {I} {C} {A} {N} ↵
{R} {E} {P} {U} {B} {L} {I} {C}
North America
100%
{D} {O} {M} {I} {N} {I} {C} {A} {N} ↵
{R} {E} {P} {U} {B} {L} I {C}
North America
100%
{E} {C} {U} {A} D {O} {R}South America
100%
{E} {L} ↵
S {A} {L} {V} {A} {D} {O} {R}
North America
100%
{E} {L} ↵
{S} {A} L {V} {A} {D} {O} {R}
North America
100%
{E} L ↵
{S} {A} {L} {V} {A} {D} {O} {R}
North America
100%
{E} {L} ↵
{S} {A} {L} {V} {A} {D} O {R}
North America
100%
{E} {Q} U {A} {T} {O} {R} {I} {A} {L} ↵
{G} {U} {I} {N} {E} {A}
Africa
100%
{E} {Q} {U} {A} {T} {O} {R} {I} {A} {L} ↵
{G} {U} {I} N {E} {A}
Africa
100%
{E} {Q} {U} {A} T {O} {R} {I} {A} {L} ↵
{G} {U} {I} {N} {E} {A}
Africa
100%
{E} {Q} {U} {A} {T} {O} {R} I {A} {L} ↵
{G} {U} {I} {N} {E} {A}
Africa
100%
{E} {S} {W} {A} T {I} {N} {I}Africa
100%
{E} S {W} {A} {T} {I} {N} {I}Africa
100%
{F} {E} {D} {E} {R} {A} {T} {E} {D} ↵
{S} {T} {A} {T} {E} {S} ↵
{O} {F} ↵
M {I} {C} {R} {O} {N} {E} {S} {I} {A}
Oceania
100%
F {E} {D} {E} {R} {A} {T} {E} {D} ↵
{S} {T} {A} {T} {E} {S} ↵
{O} {F} ↵
{M} {I} {C} {R} {O} {N} {E} {S} {I} {A}
Oceania
100%
{F} {E} {D} {E} {R} {A} {T} {E} {D} ↵
{S} {T} {A} {T} {E} {S} ↵
{O} {F} ↵
{M} {I} {C} {R} {O} {N} E {S} {I} {A}
Oceania
100%
{F} {E} {D} {E} {R} {A} {T} {E} {D} ↵
{S} {T} {A} {T} {E} {S} ↵
{O} {F} ↵
{M} {I} {C} {R} {O} {N} {E} {S} I {A}
Oceania
100%
{F} {E} {D} {E} {R} {A} {T} {E} {D} ↵
{S} {T} {A} {T} {E} {S} ↵
{O} {F} ↵
{M} {I} {C} {R} {O} N {E} {S} {I} {A}
Oceania
100%
{F} {E} {D} {E} {R} {A} {T} {E} {D} ↵
{S} {T} {A} {T} {E} {S} ↵
O {F} ↵
{M} {I} {C} {R} {O} {N} {E} {S} {I} {A}
Oceania
100%
{F} {E} {D} {E} {R} {A} {T} E {D} ↵
{S} {T} {A} {T} {E} {S} ↵
{O} {F} ↵
{M} {I} {C} {R} {O} {N} {E} {S} {I} {A}
Oceania
100%
{F} {E} {D} {E} {R} {A} {T} {E} {D} ↵
{S} {T} {A} {T} {E} S ↵
{O} {F} ↵
{M} {I} {C} {R} {O} {N} {E} {S} {I} {A}
Oceania
100%
{F} {E} {D} {E} {R} {A} {T} {E} {D} ↵
{S} {T} {A} {T} {E} {S} ↵
{O} {F} ↵
{M} {I} {C} R {O} {N} {E} {S} {I} {A}
Oceania
100%
{F} {E} {D} {E} {R} {A} T {E} {D} ↵
{S} {T} {A} {T} {E} {S} ↵
{O} {F} ↵
{M} {I} {C} {R} {O} {N} {E} {S} {I} {A}
Oceania
100%
{F} {E} {D} {E} {R} {A} {T} {E} {D} ↵
S {T} {A} {T} {E} {S} ↵
{O} {F} ↵
{M} {I} {C} {R} {O} {N} {E} {S} {I} {A}
Oceania
100%
{F} {E} {D} {E} R {A} {T} {E} {D} ↵
{S} {T} {A} {T} {E} {S} ↵
{O} {F} ↵
{M} {I} {C} {R} {O} {N} {E} {S} {I} {A}
Oceania
100%
{F} {E} {D} {E} {R} A {T} {E} {D} ↵
{S} {T} {A} {T} {E} {S} ↵
{O} {F} ↵
{M} {I} {C} {R} {O} {N} {E} {S} {I} {A}
Oceania
100%
{F} {I} J {I}Oceania
100%
{F} I {J} {I}Oceania
100%
F {R} {A} {N} {C} {E}Europe
100%
G {A} {B} O {N}Africa
100%
G {A} {B} {O} NAfrica
100%
G A {B} {O} {N}Africa
100%
G {A} M {B} {I} {A}Africa
100%
{G} E {O} {R} {G} I {A}Asia
100%
{G} {E} O {R} G {I} {A}Asia
100%
{G} {E} {O} R G {I} {A}Asia
100%
G {E} {R} {M} {A} N {Y}Europe
100%
{G} {E} {R} M {A} {N} YEurope
100%
{G} E {R} {M} {A} N {Y}Europe
100%
{G} {E} {R} {M} {A} N YEurope
100%
{G} {E} R {M} A {N} {Y}Europe
100%
G {H} {A} N {A}Africa
100%
G {H} A {N} {A}Africa
100%
{G} {R} {E} {N} A {D} ANorth America
100%
{G} R {E} N {A} {D} {A}North America
100%
{G} {R} E N {A} {D} {A}North America
100%
G {R} {E} N {A} {D} {A}North America
100%
{G} {R} E {N} {A} {D} ANorth America
100%
G {U} I {N} {E} {A}Africa
100%
{G} {U} I {N} E {A}Africa
100%
{G} {U} {I} {N} {E} {A} - {B} {I} {S} {S} {A} {U}Africa
100%
{G} {U} {I} N {E} {A} {-} {B} {I} {S} {S} {A} {U}Africa
100%
{G} {U} Y {A} {N} {A}South America
100%
{H} {A} {I} {T} INorth America
100%
H {U} {N} {G} {A} {R} {Y}Europe
100%
{I} C {E} {L} {A} N {D}Europe
100%
{I} {N} {D} {O} {N} {E} S {I} {A}Asia
100%
I {R} {A} NAsia
100%
{I} {R} {A} QAsia
100%
I {S} {R} {A} {E} {L}Asia
100%
{I} {V} O {R} {Y} ↵
{C} {O} {A} {S} {T}
Africa
100%
{K} {I} {R} {I} B {A} {T} {I}Oceania
100%
K {I} {R} {I} {B} {A} {T} {I}Oceania
100%
{K} {O} {S} {O} V {O}Europe
100%
{K} {Y} {R} {G} Y {Z} {S} {T} {A} {N}Asia
100%
{K} Y {R} {G} {Y} {Z} {S} {T} {A} {N}Asia
100%
L {A} {T} {V} {I} {A}Europe
100%
{L} {A} T {V} {I} {A}Europe
100%
{L} E B {A} {N} {O} {N}Asia
100%
{L} {E} B {A} {N} {O} NAsia
100%
L {E} {B} {A} {N} O {N}Asia
100%
{L} {E} {B} {A} N O {N}Asia
100%
L {E} {B} A {N} {O} {N}Asia
100%
L {I} {B} E {R} {I} {A}Africa
100%
L {I} {B} {E} {R} {I} AAfrica
100%
{L} {I} B E {R} {I} {A}Africa
100%
{L} {I} {E} {C} {H} {T} {E} N {S} {T} {E} {I} {N}Europe
100%
L {I} {E} {C} {H} {T} {E} {N} {S} {T} {E} {I} {N}Europe
100%
{L} {I} {E} {C} {H} {T} {E} {N} S {T} {E} {I} {N}Europe
100%
{L} U {X} {E} {M} {B} {O} {U} {R} {G}Europe
100%
{L} {U} {X} {E} {M} {B} {O} U {R} {G}Europe
100%
{L} {U} {X} {E} {M} {B} {O} {U} {R} GEurope
100%
{M} {A} L {I}Africa
100%
M {A} {L} {T} {A}Europe
100%
{M} {A} {R} {S} {H} {A} {L} {L} ↵
{I} {S} {L} {A} {N} D {S}
Oceania
100%
{M} {A} {R} {S} H {A} {L} {L} ↵
{I} {S} {L} {A} {N} {D} {S}
Oceania
100%
{M} {A} {U} R {I} {T} {I} {U} {S}Africa
100%
M {A} {U} {R} {I} {T} {I} {U} {S}Africa
100%
{M} {E} X {I} {C} {O}North America
100%
{M} {O} {L} {D} {O} V {A}Europe
100%
{M} {O} N {A} {C} OEurope
100%
{M} O {N} {A} C {O}Europe
100%
{M} {O} {N} {T} {E} {N} {E} G {R} {O}Europe
100%
{M} {O} {Z} {A} {M} {B} {I} Q {U} {E}Africa
100%
{N} {E} {T} {H} {E} R {L} {A} {N} {D} {S}Europe
100%
{N} {E} W ↵
{Z} {E} {A} {L} {A} {N} {D}
Oceania
100%
{N} {I} {C} A {R} {A} {G} {U} {A}North America
100%
N {I} {C} {A} {R} {A} {G} {U} {A}North America
100%
{N} {I} {C} {A} {R} {A} G {U} {A}North America
100%
{N} {I} G {E} {R}Africa
100%
N I {G} {E} {R} {I} {A}Africa
100%
N {I} {G} {E} R {I} {A}Africa
100%
{N} {O} R {T} {H} ↵
{K} {O} {R} {E} {A}
Asia
100%
N {O} {R} {T} {H} ↵
{M} {A} {C} {E} {D} {O} {N} {I} {A}
Europe
100%
{N} {O} {R} {T} H ↵
{M} {A} {C} {E} {D} {O} {N} {I} {A}
Europe
100%
{N} {O} {R} {T} {H} ↵
{M} {A} {C} {E} {D} {O} {N} I {A}
Europe
100%
{N} {O} {R} {T} {H} ↵
{M} {A} {C} {E} {D} O {N} {I} {A}
Europe
100%
N {O} {R} {W} {A} {Y}Europe
100%
{P} {A} {K} {I} S {T} {A} {N}Asia
100%
P {A} {L} {A} {U}Oceania
100%
{P} {A} {P} {U} {A} ↵
{N} {E} W ↵
{G} {U} {I} {N} {E} {A}
Oceania
100%
{P} {A} {P} {U} {A} ↵
{N} {E} {W} ↵
{G} {U} {I} {N} E {A}
Oceania
100%
{P} {A} {P} U {A} ↵
{N} {E} {W} ↵
{G} {U} {I} {N} {E} {A}
Oceania
100%
{P} {A} {P} {U} {A} ↵
{N} {E} {W} ↵
G {U} {I} {N} {E} {A}
Oceania
100%
P {A} {P} {U} {A} ↵
{N} {E} {W} ↵
{G} {U} {I} {N} {E} {A}
Oceania
100%
{P} {A} {P} {U} A ↵
{N} {E} {W} ↵
{G} {U} {I} {N} {E} {A}
Oceania
100%
{P} {A} {R} {A} G {U} {A} {Y}South America
100%
{P} {E} {R} USouth America
100%
{P} {E} R {U}South America
100%
P {E} {R} {U}South America
100%
{P} {H} {I} {L} {I} P {P} {I} {N} {E} {S}Asia
100%
P {H} {I} {L} {I} {P} {P} {I} {N} {E} {S}Asia
100%
{P} {O} {R} {T} {U} G {A} {L}Europe
100%
Q {A} {T} {A} {R}Asia
100%
{Q} {A} T {A} {R}Asia
100%
{R} {E} {P} {U} {B} {L} {I} C ↵
{O} {F} ↵
{T} {H} {E} ↵
{C} {O} {N} {G} {O}
Africa
100%
{R} {E} {P} {U} B {L} {I} {C} ↵
{O} {F} ↵
{T} {H} {E} ↵
{C} {O} {N} {G} {O}
Africa
100%
{R} {E} {P} {U} {B} {L} {I} {C} ↵
{O} {F} ↵
{T} H {E} ↵
{C} {O} {N} {G} {O}
Africa
100%
{R} {E} {P} U {B} {L} {I} {C} ↵
{O} {F} ↵
{T} {H} {E} ↵
{C} {O} {N} {G} {O}
Africa
100%
{R} {E} {P} {U} {B} L {I} {C} ↵
{O} {F} ↵
{T} {H} {E} ↵
{C} {O} {N} {G} {O}
Africa
100%
{R} {E} {P} {U} {B} {L} {I} {C} ↵
{O} {F} ↵
{T} {H} E ↵
{C} {O} {N} {G} {O}
Africa
100%
R {O} {M} {A} {N} {I} {A}Europe
100%
{R} W {A} N {D} {A}Africa
100%
R {W} A {N} {D} {A}Africa
100%
R {W} {A} N {D} {A}Africa
100%
{R} W {A} {N} D {A}Africa
100%
{S} {A} {I} {N} {T} ↵
{K} {I} T {T} {S} ↵
{A} {N} {D} ↵
{N} {E} {V} {I} {S}
North America
100%
{S} {A} {I} N {T} ↵
{K} {I} {T} {T} {S} ↵
{A} {N} {D} ↵
{N} {E} {V} {I} {S}
North America
100%
{S} {A} I {N} {T} ↵
{K} {I} {T} {T} {S} ↵
{A} {N} {D} ↵
{N} {E} {V} {I} {S}
North America
100%
{S} {A} {I} {N} T ↵
{L} {U} {C} {I} {A}
North America
100%
{S} {A} {I} {N} {T} ↵
{L} {U} C {I} {A}
North America
100%
{S} {A} {I} {N} {T} ↵
{V} {I} {N} {C} {E} {N} {T} ↵
{A} {N} {D} ↵
{T} {H} {E} ↵
{G} {R} E {N} {A} {D} {I} {N} {E} {S}
North America
100%
{S} {A} {I} {N} {T} ↵
{V} {I} {N} {C} {E} {N} {T} ↵
{A} {N} {D} ↵
{T} {H} {E} ↵
{G} {R} {E} N {A} {D} {I} {N} {E} {S}
North America
100%
{S} {A} {I} {N} {T} ↵
{V} {I} {N} {C} {E} {N} {T} ↵
{A} {N} {D} ↵
{T} {H} {E} ↵
{G} R {E} {N} {A} {D} {I} {N} {E} {S}
North America
100%
{S} {A} {I} {N} {T} ↵
{V} {I} {N} {C} {E} {N} {T} ↵
{A} {N} {D} ↵
{T} {H} {E} ↵
G {R} {E} {N} {A} {D} {I} {N} {E} {S}
North America
100%
S {A} {I} {N} {T} ↵
{V} {I} {N} {C} {E} {N} {T} ↵
{A} {N} {D} ↵
{T} {H} {E} ↵
{G} {R} {E} {N} {A} {D} {I} {N} {E} {S}
North America
100%
{S} {A} I {N} {T} ↵
{V} {I} {N} {C} {E} {N} {T} ↵
{A} {N} {D} ↵
{T} {H} {E} ↵
{G} {R} {E} {N} {A} {D} {I} {N} {E} {S}
North America
100%
{S} {A} {I} {N} {T} ↵
{V} {I} {N} {C} {E} {N} {T} ↵
A {N} {D} ↵
{T} {H} {E} ↵
{G} {R} {E} {N} {A} {D} {I} {N} {E} {S}
North America
100%
{S} {A} {I} {N} {T} ↵
{V} {I} {N} {C} {E} {N} {T} ↵
{A} {N} D ↵
{T} {H} {E} ↵
{G} {R} {E} {N} {A} {D} {I} {N} {E} {S}
North America
100%
{S} {A} {I} {N} {T} ↵
{V} I {N} {C} {E} {N} {T} ↵
{A} {N} {D} ↵
{T} {H} {E} ↵
{G} {R} {E} {N} {A} {D} {I} {N} {E} {S}
North America
100%
{S} A M {O} {A}Oceania
100%
{S} {A} M O {A}Oceania
100%
S {A} M {O} {A}Oceania
100%
S A {M} {O} {A}Oceania
100%
S {A} {M} O {A}Oceania
100%
{S} {A} {N} ↵
{M} {A} {R} {I} N {O}
Europe
100%
{S} {Ã} {O} ↵
{T} {O} {M} {É} ↵
{A} {N} {D} ↵
{P} {R} {Í} {N} {C} {I} P {E}
Africa
100%
{S} Ã {O} ↵
{T} {O} {M} {É} ↵
{A} {N} {D} ↵
{P} {R} {Í} {N} {C} {I} {P} {E}
Africa
100%
{S} {Ã} {O} ↵
{T} {O} {M} {É} ↵
{A} {N} {D} ↵
{P} R {Í} {N} {C} {I} {P} {E}
Africa
100%
{S} {Ã} {O} ↵
{T} O {M} {É} ↵
{A} {N} {D} ↵
{P} {R} {Í} {N} {C} {I} {P} {E}
Africa
100%
{S} {Ã} {O} ↵
{T} {O} {M} {É} ↵
A {N} {D} ↵
{P} {R} {Í} {N} {C} {I} {P} {E}
Africa
100%
{S} {A} {U} D {I} ↵
{A} {R} {A} {B} {I} {A}
Asia
100%
{S} {A} {U} {D} {I} ↵
{A} {R} {A} B {I} {A}
Asia
100%
{S} {E} {N} {E} {G} {A} LAfrica
100%
S E {R} {B} {I} {A}Europe
100%
{S} {E} {Y} {C} H {E} {L} {L} {E} {S}Africa
100%
{S} {E} {Y} {C} {H} {E} {L} {L} E {S}Africa
100%
{S} I {E} {R} {R} {A} ↵
{L} {E} {O} {N} {E}
Africa
100%
{S} {I} {N} {G} {A} P {O} {R} {E}Asia
100%
{S} {I} {N} G {A} {P} {O} {R} {E}Asia
100%
{S} {I} {N} {G} {A} {P} {O} R {E}Asia
100%
{S} {I} {N} {G} {A} {P} O {R} {E}Asia
100%
{S} {O} {L} {O} {M} {O} {N} ↵
{I} {S} {L} A {N} {D} {S}
Oceania
100%
{S} {O} {L} {O} M {O} {N} ↵
{I} {S} {L} {A} {N} {D} {S}
Oceania
100%
{S} {O} {L} {O} {M} {O} {N} ↵
I {S} {L} {A} {N} {D} {S}
Oceania
100%
{S} {O} L {O} {M} {O} {N} ↵
{I} {S} {L} {A} {N} {D} {S}
Oceania
100%
{S} {O} {L} {O} {M} {O} {N} ↵
{I} {S} L {A} {N} {D} {S}
Oceania
100%
{S} {O} {L} {O} {M} {O} {N} ↵
{I} {S} {L} {A} {N} D {S}
Oceania
100%
{S} {O} {L} {O} {M} {O} {N} ↵
{I} {S} {L} {A} {N} {D} S
Oceania
100%
S {O} {U} {T} {H} ↵
{K} O {R} {E} {A}
Asia
100%
S {O} {U} {T} {H} ↵
K {O} {R} {E} {A}
Asia
100%
{S} {O} U {T} {H} ↵
{K} {O} R {E} {A}
Asia
100%
S {O} {U} {T} {H} ↵
{K} {O} R {E} {A}
Asia
100%
{S} {O} U {T} {H} ↵
K {O} {R} {E} {A}
Asia
100%
S {O} {U} {T} {H} ↵
{K} {O} {R} E {A}
Asia
100%
{S} {R} {I} ↵
L {A} {N} {K} {A}
Asia
100%
{S} {R} I ↵
{L} {A} {N} {K} {A}
Asia
100%
{S} U {D} {A} {N}Africa
100%
{S} {W} E D {E} {N}Europe
100%
{S} W {E} {D} E {N}Europe
100%
{S} {W} {E} {D} E NEurope
100%
S {W} E {D} {E} {N}Europe
100%
{S} W E {D} {E} {N}Europe
100%
{S} {W} E {D} E {N}Europe
100%
S {W} {E} {D} {E} NEurope
100%
S {W} {E} {D} E {N}Europe
100%
{S} {W} {E} D E {N}Europe
100%
{S} W {I} {T} {Z} {E} {R} {L} {A} {N} {D}Europe
100%
{S} {W} {I} {T} {Z} {E} R {L} {A} {N} {D}Europe
100%
{S} {Y} R {I} {A}Asia
100%
{S} Y {R} {I} {A}Asia
100%
{T} {A} I W {A} {N}Asia
100%
{T} A {I} {W} A {N}Asia
100%
{T} {A} I {W} A {N}Asia
100%
{T} A I {W} {A} {N}Asia
100%
{T} {A} {N} Z {A} {N} {I} {A}Africa
100%
{T} O {G} {O}Africa
100%
{T} {O} {G} OAfrica
100%
{T} O {N} {G} {A}Oceania
100%
T {R} {I} {N} {I} {D} {A} {D} ↵
{A} {N} {D} ↵
{T} {O} {B} {A} {G} {O}
North America
100%
{T} {R} {I} {N} {I} {D} {A} {D} ↵
{A} N {D} ↵
{T} {O} {B} {A} {G} {O}
North America
100%
{T} {R} {I} {N} {I} {D} {A} {D} ↵
{A} {N} {D} ↵
T {O} {B} {A} {G} {O}
North America
100%
{T} {R} {I} {N} {I} {D} {A} {D} ↵
{A} {N} {D} ↵
{T} {O} {B} A {G} {O}
North America
100%
{T} {R} {I} {N} {I} {D} {A} {D} ↵
A {N} {D} ↵
{T} {O} {B} {A} {G} {O}
North America
100%
{T} {U} {N} {I} S {I} {A}Africa
100%
T {U} {R} {K} {M} {E} {N} {I} {S} {T} {A} {N}Asia
100%
{T} {U} {V} {A} {L} UOceania
100%
{U} {N} {I} {T} {E} {D} ↵
A {R} {A} {B} ↵
{E} {M} {I} {R} {A} {T} {E} {S}
Asia
100%
U {N} {I} {T} {E} {D} ↵
{K} {I} {N} {G} {D} {O} {M}
Europe
100%
{U} {N} I {T} {E} {D} ↵
{K} {I} {N} {G} {D} {O} {M}
Europe
100%
{U} {N} {I} {T} {E} D ↵
{K} {I} {N} {G} {D} {O} {M}
Europe
100%
{U} {N} {I} {T} {E} {D} ↵
{S} T {A} {T} {E} {S}
North America
100%
{U} N {I} {T} {E} {D} ↵
{S} {T} {A} {T} {E} {S}
North America
100%
{U} {N} {I} T {E} {D} ↵
{S} {T} {A} {T} {E} {S}
North America
100%
U {Z} {B} {E} {K} {I} {S} {T} {A} {N}Asia
100%
{U} {Z} B {E} {K} {I} {S} {T} {A} {N}Asia
100%
{V} {A} {N} {U} {A} {T} UOceania
100%
{V} {A} T {I} {C} {A} {N} ↵
{C} {I} {T} {Y}
Europe
100%
{V} {E} {N} {E} Z {U} {E} {L} {A}South America
100%
{V} {E} {N} {E} {Z} U {E} {L} {A}South America
100%
{V} {I} {E} T {N} A {M}Asia
100%
{V} I E {T} {N} {A} {M}Asia
100%
{V} {I} {E} {T} N {A} MAsia
100%
V {I} {E} {T} {N} A {M}Asia
100%
Y {E} {M} {E} {N}Asia
100%
{T} {R} {I} {N} {I} {D} {A} {D} ↵
{A} {N} {D} ↵
{T} {O} {B} {A} G {O}
North America
75%
{B} {A} {N} {G} {L} {A} {D} {E} S {H}Asia
67%
{B} {U} {L} {G} A R {I} {A}Europe
67%
{C} {O} M {O} {R} {O} SAfrica
67%
G {E} {O} {R} {G} I {A}Asia
67%
{S} {R} {I} ↵
{L} {A} {N} K {A}
Asia
67%
A R {M} {E} {N} {I} {A}Asia
50%
{B} {O} {S} {N} {I} {A} ↵
{A} {N} {D} ↵
{H} {E} {R} {Z} {E} G {O} {V} {I} {N} {A}
Europe
50%
{C} {R} O A {T} {I} {A}Europe
50%
{C} {Z} {E} {C} H ↵
{R} {E} {P} {U} {B} {L} {I} {C}
Europe
50%
{E} {L} ↵
{S} {A} {L} V {A} {D} {O} {R}
North America
50%
{G} {E} {O} {R} G {I} AAsia
50%
I {N} {D} {O} {N} {E} {S} {I} {A}Asia
50%
I {V} {O} {R} {Y} ↵
{C} {O} {A} {S} {T}
Africa
50%
{K} {A} {Z} {A} {K} H {S} {T} {A} {N}Asia
50%
{L} {I} {E} {C} {H} {T} {E} {N} {S} T {E} {I} {N}Europe
50%
{L} {I} {T} H {U} {A} {N} {I} {A}Europe
50%
{M} Y {A} {N} {M} {A} {R}Asia
50%
{N} I G {E} {R} {I} {A}Africa
50%
{P} {H} {I} {L} {I} {P} {P} I {N} {E} {S}Asia
50%
{S} {E} {Y} C {H} {E} {L} {L} {E} {S}Africa
50%
{T} A {I} W {A} {N}Asia
50%
{U} {N} {I} {T} E {D} ↵
{A} {R} {A} {B} ↵
{E} {M} {I} {R} {A} {T} {E} {S}
Asia
50%
{U} {N} {I} {T} {E} {D} ↵
{K} I {N} {G} {D} {O} {M}
Europe
50%
{V} {I} {E} {T} N A {M}Asia
50%
{C} {Z} {E} {C} {H} ↵
{R} {E} {P} {U} {B} L {I} {C}
Europe
33%
{S} {W} E {D} {E} NEurope
25%
{A} {F} {G} {H} {A} {N} I {S} {T} {A} {N}Asia
0%
{A} L {B} A {N} {I} {A}Europe
0%
{A} L {B} {A} N {I} {A}Europe
0%
A {L} {B} A {N} {I} {A}Europe
0%
A {L} G {E} {R} {I} {A}Africa
0%
{A} L G {E} {R} {I} {A}Africa
0%
{A} N {D} {O} {R} {R} {A}Europe
0%
{A} {N} G {O} {L} {A}Africa
0%
{A} {N} {T} {I} {G} {U} {A} ↵
A {N} {D} ↵
{B} {A} {R} {B} {U} {D} {A}
North America
0%
{A} {N} {T} {I} {G} {U} {A} ↵
{A} {N} {D} ↵
{B} {A} {R} {B} {U} D {A}
North America
0%
{A} N {T} {I} {G} {U} {A} ↵
{A} {N} {D} ↵
{B} {A} {R} {B} {U} {D} {A}
North America
0%
{A} {N} {T} {I} {G} {U} {A} ↵
{A} {N} {D} ↵
{B} {A} R {B} {U} {D} {A}
North America
0%
{A} {N} {T} {I} {G} {U} {A} ↵
{A} {N} {D} ↵
{B} {A} {R} {B} U {D} {A}
North America
0%
{A} {N} {T} {I} G {U} {A} ↵
{A} {N} {D} ↵
{B} {A} {R} {B} {U} {D} {A}
North America
0%
{A} {N} {T} {I} {G} {U} {A} ↵
{A} {N} {D} ↵
{B} {A} {R} {B} {U} {D} A
North America
0%
{A} {N} {T} {I} {G} {U} {A} ↵
{A} {N} {D} ↵
B {A} {R} {B} {U} {D} {A}
North America
0%
{A} {R} {G} {E} {N} {T} {I} N {A}South America
0%
{A} R M {E} {N} {I} {A}Asia
0%
{A} R {M} E {N} {I} {A}Asia
0%
{A} {R} M E {N} {I} {A}Asia
0%
{A} {U} S {T} {R} {A} {L} {I} {A}Oceania
0%
{A} {U} {S} {T} {R} {A} L {I} {A}Oceania
0%
A {U} {S} T {R} {I} {A}Europe
0%
A U {S} {T} {R} {I} {A}Europe
0%
{A} U {S} {T} R {I} {A}Europe
0%
{A} {U} S T {R} {I} {A}Europe
0%
{A} {U} S {T} {R} {I} AEurope
0%
{A} {U} S {T} {R} I {A}Europe
0%
{A} {U} S {T} R {I} {A}Europe
0%
{A} U S {T} {R} {I} {A}Europe
0%
{A} {U} {S} T {R} I {A}Europe
0%
A {Z} {E} {R} {B} {A} {I} {J} {A} {N}Asia
0%
{A} {Z} {E} {R} {B} {A} {I} J {A} {N}Asia
0%
{A} {Z} {E} {R} B {A} {I} {J} {A} {N}Asia
0%
{B} {A} {H} {A} {M} A SNorth America
0%
{B} {A} H {A} {M} {A} SNorth America
0%
{B} {A} {H} {A} M {A} SNorth America
0%
{B} {A} H {A} M {A} {S}North America
0%
B {A} {H} {A} M {A} {S}North America
0%
{B} A {H} {A} {M} {A} SNorth America
0%
{B} {A} {H} A {M} A {S}North America
0%
{B} {A} {H} A M {A} {S}North America
0%
{B} A {H} {A} {M} A {S}North America
0%
{B} {A} H {R} A {I} {N}Asia
0%
{B} A {H} {R} {A} {I} NAsia
0%
{B} {A} {H} R {A} {I} NAsia
0%
{B} A {H} R {A} {I} {N}Asia
0%
{B} {A} {H} {R} A {I} NAsia
0%
{B} {A} H R {A} {I} {N}Asia
0%
{B} {A} H {R} {A} I {N}Asia
0%
B {A} {H} {R} A {I} {N}Asia
0%
B {A} {H} R {A} {I} {N}Asia
0%
B {A} {H} {R} {A} {I} NAsia
0%
{B} {A} {H} {R} {A} I NAsia
0%
{B} {A} {N} {G} {L} {A} {D} {E} {S} HAsia
0%
B {A} {N} {G} {L} {A} {D} {E} {S} {H}Asia
0%
{B} {A} {N} {G} {L} {A} D {E} {S} {H}Asia
0%
{B} {A} {N} {G} {L} {A} {D} E {S} {H}Asia
0%
{B} {A} {N} {G} L {A} {D} {E} {S} {H}Asia
0%
{B} {A} {R} {B} {A} D O {S}North America
0%
{B} {A} {R} {B} A D {O} {S}North America
0%
{B} {A} {R} {B} {A} {D} O SNorth America
0%
{B} {A} R B {A} {D} {O} {S}North America
0%
B {A} R {B} {A} {D} {O} {S}North America
0%
{B} {A} {R} {B} A {D} O {S}North America
0%
{B} {A} R {B} A {D} {O} {S}North America
0%
{B} {E} L {A} {R} {U} SEurope
0%
{B} E {L} {A} {R} {U} SEurope
0%
{B} {E} L {A} R {U} {S}Europe
0%
{B} {E} {L} A {R} U {S}Europe
0%
{B} {E} {L} {G} I {U} MEurope
0%
{B} E {L} {G} I {U} {M}Europe
0%
{B} {E} {L} {G} I U {M}Europe
0%
{B} {E} {L} {G} {I} U MEurope
0%
B {E} {L} G {I} {U} {M}Europe
0%
{B} E {L} G {I} {U} {M}Europe
0%
{B} {E} {L} G {I} {U} MEurope
0%
{B} {E} L {G} I {U} {M}Europe
0%
{B} {E} L {G} {I} {U} MEurope
0%
{B} {E} {L} G I {U} {M}Europe
0%
{B} {E} {L} {I} Z {E}North America
0%
B {E} {N} {I} {N}Africa
0%
{B} {H} {U} T {A} {N}Asia
0%
{B} {O} {S} {N} {I} {A} ↵
{A} {N} {D} ↵
{H} {E} {R} {Z} {E} {G} {O} {V} {I} {N} A
Europe
0%
{B} {O} {S} N {I} {A} ↵
{A} {N} {D} ↵
{H} {E} {R} {Z} {E} {G} {O} {V} {I} {N} {A}
Europe
0%
{B} {O} {S} {N} {I} {A} ↵
{A} {N} {D} ↵
{H} {E} {R} {Z} E {G} {O} {V} {I} {N} {A}
Europe
0%
{B} {O} {S} {N} {I} {A} ↵
{A} {N} {D} ↵
{H} E {R} {Z} {E} {G} {O} {V} {I} {N} {A}
Europe
0%
{B} {O} {S} {N} {I} {A} ↵
A {N} {D} ↵
{H} {E} {R} {Z} {E} {G} {O} {V} {I} {N} {A}
Europe
0%
{B} {O} {S} {N} I {A} ↵
{A} {N} {D} ↵
{H} {E} {R} {Z} {E} {G} {O} {V} {I} {N} {A}
Europe
0%
{B} {O} {S} {N} {I} {A} ↵
{A} {N} {D} ↵
{H} {E} {R} {Z} {E} {G} {O} {V} I {N} {A}
Europe
0%
{B} {O} {S} {N} {I} {A} ↵
{A} {N} {D} ↵
H {E} {R} {Z} {E} {G} {O} {V} {I} {N} {A}
Europe
0%
{B} {O} {S} {N} {I} {A} ↵
{A} {N} {D} ↵
{H} {E} {R} {Z} {E} {G} {O} {V} {I} N {A}
Europe
0%
{B} {O} {S} {N} {I} {A} ↵
{A} {N} {D} ↵
{H} {E} {R} Z {E} {G} {O} {V} {I} {N} {A}
Europe
0%
{B} {O} {S} {N} {I} A ↵
{A} {N} {D} ↵
{H} {E} {R} {Z} {E} {G} {O} {V} {I} {N} {A}
Europe
0%
{B} {O} {S} {N} {I} {A} ↵
{A} {N} D ↵
{H} {E} {R} {Z} {E} {G} {O} {V} {I} {N} {A}
Europe
0%
B {O} {S} {N} {I} {A} ↵
{A} {N} {D} ↵
{H} {E} {R} {Z} {E} {G} {O} {V} {I} {N} {A}
Europe
0%
{B} {O} S {N} {I} {A} ↵
{A} {N} {D} ↵
{H} {E} {R} {Z} {E} {G} {O} {V} {I} {N} {A}
Europe
0%
{B} {O} {S} {N} {I} {A} ↵
{A} {N} {D} ↵
{H} {E} {R} {Z} {E} {G} O {V} {I} {N} {A}
Europe
0%
{B} {O} {S} {N} {I} {A} ↵
{A} N {D} ↵
{H} {E} {R} {Z} {E} {G} {O} {V} {I} {N} {A}
Europe
0%
{B} {O} T {S} {W} {A} {N} {A}Africa
0%
{B} {O} {T} {S} W {A} {N} {A}Africa
0%
{B} {O} {T} S {W} {A} {N} {A}Africa
0%
{B} {R} {U} N {E} IAsia
0%
{B} R {U} {N} {E} IAsia
0%
B {R} {U} {N} E {I}Asia
0%
{B} {R} U {N} {E} IAsia
0%
B {R} {U} {N} {E} IAsia
0%
{B} R U {N} {E} {I}Asia
0%
{B} {R} U {N} E {I}Asia
0%
{B} R {U} {N} E {I}Asia
0%
B {R} {U} N {E} {I}Asia
0%
{B} U {L} {G} {A} {R} {I} AEurope
0%
{B} U {L} G {A} {R} {I} {A}Europe
0%
{B} U {L} {G} {A} {R} I {A}Europe
0%
{B} {U} {L} {G} {A} R {I} AEurope
0%
{B} U {L} {G} {A} R {I} {A}Europe
0%
{B} {U} {L} {G} {A} R I {A}Europe
0%
B {U} {L} G {A} {R} {I} {A}Europe
0%
{B} {U} L {G} {A} R {I} {A}Europe
0%
{B} {U} {L} G {A} R {I} {A}Europe
0%
B {U} {L} {G} {A} R {I} {A}Europe
0%
{B} {U} L {G} A {R} {I} {A}Europe
0%
{B} U L {G} {A} {R} {I} {A}Europe
0%
{B} {U} {R} {K} {I} {N} {A} ↵
{F} {A} S {O}
Africa
0%
B {U} {R} {K} {I} {N} {A} ↵
{F} {A} {S} {O}
Africa
0%
{B} {U} {R} {K} {I} {N} {A} ↵
{F} A {S} {O}
Africa
0%
{B} {U} {R} {K} {I} N {A} ↵
{F} {A} {S} {O}
Africa
0%
{B} {U} {R} {U} {N} {D} IAfrica
0%
C {A} {M} {B} O {D} {I} {A}Asia
0%
{C} {A} M {B} {O} D {I} {A}Asia
0%
{C} {A} {M} B {O} {D} I {A}Asia
0%
{C} {A} {M} B {O} {D} {I} AAsia
0%
{C} {A} M {B} O {D} {I} {A}Asia
0%
{C} A {M} {B} O {D} {I} {A}Asia
0%
C {A} {M} {B} {O} D {I} {A}Asia
0%
{C} {A} {M} {B} {O} D I {A}Asia
0%
C {A} {M} B {O} {D} {I} {A}Asia
0%
{C} {A} {M} {E} R {O} {O} {N}Africa
0%
{C} {A} {M} {E} {R} O {O} {N}Africa
0%
{C} {A} {M} E {R} {O} {O} {N}Africa
0%
C {A} {N} A {D} {A}North America
0%
{C} A {N} {A} D {A}North America
0%
{C} {A} {N} A D {A}North America
0%
C {A} N {A} {D} {A}North America
0%
C {A} {N} {A} D {A}North America
0%
{C} {A} N {A} D {A}North America
0%
{C} {A} P {E} ↵
{V} {E} {R} {D} {E}
Africa
0%
{C} {A} {P} {E} ↵
V {E} {R} {D} {E}
Africa
0%
{C} {A} {P} {E} ↵
{V} {E} {R} D {E}
Africa
0%
C {E} {N} {T} {R} {A} {L} ↵
{A} {F} {R} {I} {C} {A} {N} ↵
{R} {E} {P} {U} {B} {L} {I} {C}
Africa
0%
{C} {E} {N} {T} {R} A {L} ↵
{A} {F} {R} {I} {C} {A} {N} ↵
{R} {E} {P} {U} {B} {L} {I} {C}
Africa
0%
{C} {E} {N} {T} {R} {A} {L} ↵
{A} {F} {R} {I} {C} {A} {N} ↵
{R} {E} {P} {U} {B} L {I} {C}
Africa
0%
{C} {E} {N} {T} {R} {A} {L} ↵
{A} {F} {R} {I} {C} {A} {N} ↵
{R} {E} {P} U {B} {L} {I} {C}
Africa
0%
{C} {E} {N} {T} {R} {A} {L} ↵
A {F} {R} {I} {C} {A} {N} ↵
{R} {E} {P} {U} {B} {L} {I} {C}
Africa
0%
{C} {E} N {T} {R} {A} {L} ↵
{A} {F} {R} {I} {C} {A} {N} ↵
{R} {E} {P} {U} {B} {L} {I} {C}
Africa
0%
{C} {E} {N} {T} {R} {A} {L} ↵
{A} {F} {R} {I} C {A} {N} ↵
{R} {E} {P} {U} {B} {L} {I} {C}
Africa
0%
{C} {E} {N} {T} {R} {A} {L} ↵
{A} {F} {R} {I} {C} {A} N ↵
{R} {E} {P} {U} {B} {L} {I} {C}
Africa
0%
{C} {E} {N} {T} {R} {A} {L} ↵
{A} {F} {R} {I} {C} A {N} ↵
{R} {E} {P} {U} {B} {L} {I} {C}
Africa
0%
{C} {E} {N} {T} {R} {A} {L} ↵
{A} {F} {R} {I} {C} {A} {N} ↵
{R} E {P} {U} {B} {L} {I} {C}
Africa
0%
{C} {E} {N} {T} {R} {A} L ↵
{A} {F} {R} {I} {C} {A} {N} ↵
{R} {E} {P} {U} {B} {L} {I} {C}
Africa
0%
{C} {E} {N} {T} {R} {A} {L} ↵
{A} {F} {R} {I} {C} {A} {N} ↵
R {E} {P} {U} {B} {L} {I} {C}
Africa
0%
{C} {E} {N} {T} {R} {A} {L} ↵
{A} {F} {R} {I} {C} {A} {N} ↵
{R} {E} P {U} {B} {L} {I} {C}
Africa
0%
{C} {H} {A} DAfrica
0%
{C} H {A} {D}Africa
0%
C {H} {I} N {A}Asia
0%
{C} {O} {L} O {M} {B} {I} {A}South America
0%
{C} {O} {M} {O} R O {S}Africa
0%
{C} {O} M {O} {R} O {S}Africa
0%
C O {M} {O} {R} {O} {S}Africa
0%
{C} {O} {M} {O} {R} O SAfrica
0%
C {O} {M} O {R} {O} {S}Africa
0%
{C} {O} {M} O {R} {O} SAfrica
0%
C {O} {M} {O} {R} {O} SAfrica
0%
{C} {O} M O {R} {O} {S}Africa
0%
{C} O {M} {O} R {O} {S}Africa
0%
C {O} {M} {O} {R} O {S}Africa
0%
{C} {O} {M} O {R} O {S}Africa
0%
{C} {O} M {O} R {O} {S}Africa
0%
{C} {O} {S} {T} {A} ↵
{R} {I} C {A}
North America
0%
{C} R O {A} {T} {I} {A}Europe
0%
{C} R {O} {A} T {I} {A}Europe
0%
{C} R {O} A {T} {I} {A}Europe
0%
{C} {R} O {A} T {I} {A}Europe
0%
{C} {U} {B} ANorth America
0%
{C} {Y} {P} R {U} {S}Asia
0%
{C} {Y} {P} {R} U {S}Asia
0%
{C} {Y} {P} {R} {U} SAsia
0%
{C} {Z} {E} {C} {H} ↵
R {E} {P} {U} {B} {L} {I} {C}
Europe
0%
{C} {Z} E {C} {H} ↵
{R} {E} {P} {U} {B} {L} {I} {C}
Europe
0%
{C} {Z} {E} C {H} ↵
{R} {E} {P} {U} {B} {L} {I} {C}
Europe
0%
{C} {Z} {E} {C} {H} ↵
{R} {E} {P} {U} {B} {L} I {C}
Europe
0%
{C} Z {E} {C} {H} ↵
{R} {E} {P} {U} {B} {L} {I} {C}
Europe
0%
{C} {Z} {E} {C} {H} ↵
{R} {E} {P} {U} B {L} {I} {C}
Europe
0%
{C} {Z} {E} {C} {H} ↵
{R} {E} {P} U {B} {L} {I} {C}
Europe
0%
C {Z} {E} {C} {H} ↵
{R} {E} {P} {U} {B} {L} {I} {C}
Europe
0%
{C} {Z} {E} {C} {H} ↵
{R} E {P} {U} {B} {L} {I} {C}
Europe
0%
{D} {E} {M} {O} {C} {R} {A} {T} {I} {C} ↵
R {E} {P} {U} {B} {L} {I} {C} ↵
{O} {F} ↵
{T} {H} {E} ↵
{C} {O} {N} {G} {O}
Africa
0%
{D} {E} {M} {O} {C} {R} {A} T {I} {C} ↵
{R} {E} {P} {U} {B} {L} {I} {C} ↵
{O} {F} ↵
{T} {H} {E} ↵
{C} {O} {N} {G} {O}
Africa
0%
{D} {E} {M} {O} {C} {R} {A} {T} {I} {C} ↵
{R} {E} {P} {U} {B} {L} {I} {C} ↵
{O} {F} ↵
{T} {H} {E} ↵
{C} {O} {N} {G} O
Africa
0%
{D} {E} {M} {O} {C} {R} {A} {T} {I} {C} ↵
{R} {E} {P} {U} {B} {L} {I} {C} ↵
{O} {F} ↵
{T} {H} {E} ↵
{C} {O} {N} G {O}
Africa
0%
{D} {E} {M} {O} C {R} {A} {T} {I} {C} ↵
{R} {E} {P} {U} {B} {L} {I} {C} ↵
{O} {F} ↵
{T} {H} {E} ↵
{C} {O} {N} {G} {O}
Africa
0%
{D} {E} {M} {O} {C} {R} {A} {T} {I} {C} ↵
{R} {E} {P} {U} {B} {L} {I} {C} ↵
{O} {F} ↵
{T} {H} {E} ↵
{C} O {N} {G} {O}
Africa
0%
{D} {E} M {O} {C} {R} {A} {T} {I} {C} ↵
{R} {E} {P} {U} {B} {L} {I} {C} ↵
{O} {F} ↵
{T} {H} {E} ↵
{C} {O} {N} {G} {O}
Africa
0%
{D} {E} {M} {O} {C} {R} {A} {T} {I} {C} ↵
{R} {E} {P} {U} {B} {L} {I} {C} ↵
{O} {F} ↵
{T} {H} E ↵
{C} {O} {N} {G} {O}
Africa
0%
{D} {E} {M} {O} {C} {R} A {T} {I} {C} ↵
{R} {E} {P} {U} {B} {L} {I} {C} ↵
{O} {F} ↵
{T} {H} {E} ↵
{C} {O} {N} {G} {O}
Africa
0%
D {E} {M} {O} {C} {R} {A} {T} {I} {C} ↵
{R} {E} {P} {U} {B} {L} {I} {C} ↵
{O} {F} ↵
{T} {H} {E} ↵
{C} {O} {N} {G} {O}
Africa
0%
{D} {E} {M} {O} {C} {R} {A} {T} {I} {C} ↵
{R} E {P} {U} {B} {L} {I} {C} ↵
{O} {F} ↵
{T} {H} {E} ↵
{C} {O} {N} {G} {O}
Africa
0%
{D} {E} {M} {O} {C} {R} {A} {T} {I} {C} ↵
{R} {E} P {U} {B} {L} {I} {C} ↵
{O} {F} ↵
{T} {H} {E} ↵
{C} {O} {N} {G} {O}
Africa
0%
{D} {E} {M} {O} {C} {R} {A} {T} {I} {C} ↵
{R} {E} {P} {U} {B} {L} {I} {C} ↵
{O} {F} ↵
T {H} {E} ↵
{C} {O} {N} {G} {O}
Africa
0%
{D} {E} {M} {O} {C} {R} {A} {T} {I} {C} ↵
{R} {E} {P} {U} {B} {L} I {C} ↵
{O} {F} ↵
{T} {H} {E} ↵
{C} {O} {N} {G} {O}
Africa
0%
{D} {E} {M} {O} {C} {R} {A} {T} {I} {C} ↵
{R} {E} {P} {U} {B} {L} {I} {C} ↵
{O} {F} ↵
{T} H {E} ↵
{C} {O} {N} {G} {O}
Africa
0%
{D} {E} {M} {O} {C} {R} {A} {T} {I} {C} ↵
{R} {E} {P} {U} {B} {L} {I} {C} ↵
{O} {F} ↵
{T} {H} {E} ↵
C {O} {N} {G} {O}
Africa
0%
{D} {E} {M} {O} {C} {R} {A} {T} {I} {C} ↵
{R} {E} {P} {U} {B} {L} {I} C ↵
{O} {F} ↵
{T} {H} {E} ↵
{C} {O} {N} {G} {O}
Africa
0%
{D} {E} {M} {O} {C} {R} {A} {T} {I} {C} ↵
{R} {E} {P} U {B} {L} {I} {C} ↵
{O} {F} ↵
{T} {H} {E} ↵
{C} {O} {N} {G} {O}
Africa
0%
{D} {E} {N} {M} {A} {R} KEurope
0%
D {E} {N} {M} {A} {R} {K}Europe
0%
{D} {O} {M} {I} {N} {I} C {A}North America
0%
{D} {O} {M} {I} {N} {I} {C} {A} {N} ↵
{R} {E} P {U} {B} {L} {I} {C}
North America
0%
{D} {O} {M} {I} {N} {I} {C} {A} {N} ↵
{R} {E} {P} {U} {B} L {I} {C}
North America
0%
{D} {O} {M} {I} {N} {I} {C} {A} {N} ↵
{R} {E} {P} {U} {B} {L} {I} C
North America
0%
{D} {O} {M} {I} {N} {I} {C} {A} N ↵
{R} {E} {P} {U} {B} {L} {I} {C}
North America
0%
{D} {O} {M} {I} N {I} {C} {A} {N} ↵
{R} {E} {P} {U} {B} {L} {I} {C}
North America
0%
{D} {O} {M} {I} {N} {I} C {A} {N} ↵
{R} {E} {P} {U} {B} {L} {I} {C}
North America
0%
{D} {O} {M} {I} {N} {I} {C} {A} {N} ↵
R {E} {P} {U} {B} {L} {I} {C}
North America
0%
{D} {O} {M} {I} {N} {I} {C} {A} {N} ↵
{R} {E} {P} {U} B {L} {I} {C}
North America
0%
{D} {O} M {I} {N} {I} {C} {A} {N} ↵
{R} {E} {P} {U} {B} {L} {I} {C}
North America
0%
D {O} {M} {I} {N} {I} {C} {A} {N} ↵
{R} {E} {P} {U} {B} {L} {I} {C}
North America
0%
{D} {O} {M} {I} {N} {I} {C} {A} {N} ↵
{R} {E} {P} U {B} {L} {I} {C}
North America
0%
{E} {A} {S} {T} ↵
{T} {I} {M} O {R}
Asia
0%
E {A} {S} {T} ↵
{T} {I} {M} {O} {R}
Asia
0%
{E} {A} {S} {T} ↵
{T} {I} M {O} {R}
Asia
0%
{E} {G} {Y} {P} TAfrica
0%
{E} {G} {Y} P {T}Africa
0%
{E} {G} Y {P} {T}Africa
0%
{E} G {Y} {P} {T}Africa
0%
E {G} {Y} {P} {T}Africa
0%
E {L} ↵
{S} {A} {L} {V} {A} {D} {O} {R}
North America
0%
{E} {L} ↵
{S} {A} {L} {V} {A} {D} {O} R
North America
0%
{E} {Q} {U} {A} {T} {O} {R} {I} {A} {L} ↵
{G} {U} I {N} {E} {A}
Africa
0%
{E} {Q} {U} {A} {T} {O} {R} {I} {A} {L} ↵
{G} {U} {I} {N} {E} A
Africa
0%
{E} {Q} {U} {A} {T} {O} {R} {I} {A} {L} ↵
{G} {U} {I} {N} E {A}
Africa
0%
{E} Q {U} {A} {T} {O} {R} {I} {A} {L} ↵
{G} {U} {I} {N} {E} {A}
Africa
0%
{E} {Q} {U} {A} {T} {O} {R} {I} {A} L ↵
{G} {U} {I} {N} {E} {A}
Africa
0%
E {Q} {U} {A} {T} {O} {R} {I} {A} {L} ↵
{G} {U} {I} {N} {E} {A}
Africa
0%
{E} {Q} {U} A {T} {O} {R} {I} {A} {L} ↵
{G} {U} {I} {N} {E} {A}
Africa
0%
{E} {Q} {U} {A} {T} {O} {R} {I} A {L} ↵
{G} {U} {I} {N} {E} {A}
Africa
0%
{E} {Q} {U} {A} {T} O {R} {I} {A} {L} ↵
{G} {U} {I} {N} {E} {A}
Africa
0%
{E} {Q} {U} {A} {T} {O} R {I} {A} {L} ↵
{G} {U} {I} {N} {E} {A}
Africa
0%
{E} {Q} {U} {A} {T} {O} {R} {I} {A} {L} ↵
{G} U {I} {N} {E} {A}
Africa
0%
{E} {Q} {U} {A} {T} {O} {R} {I} {A} {L} ↵
G {U} {I} {N} {E} {A}
Africa
0%
{E} {R} I {T} {R} {E} {A}Africa
0%
{E} {R} {I} {T} {R} E {A}Africa
0%
{E} S {T} {O} {N} {I} {A}Europe
0%
{E} {S} T {O} {N} {I} {A}Europe
0%
{E} {S} W {A} {T} {I} {N} {I}Africa
0%
{E} T {H} {I} {O} {P} {I} {A}Africa
0%
{E} {T} {H} {I} {O} P {I} {A}Africa
0%
{E} {T} H {I} {O} {P} {I} {A}Africa
0%
{F} {E} {D} {E} {R} {A} {T} {E} {D} ↵
{S} {T} {A} {T} {E} {S} ↵
{O} {F} ↵
{M} {I} {C} {R} {O} {N} {E} S {I} {A}
Oceania
0%
{F} E {D} {E} {R} {A} {T} {E} {D} ↵
{S} {T} {A} {T} {E} {S} ↵
{O} {F} ↵
{M} {I} {C} {R} {O} {N} {E} {S} {I} {A}
Oceania
0%
{F} {E} {D} {E} {R} {A} {T} {E} {D} ↵
{S} {T} {A} {T} {E} {S} ↵
{O} {F} ↵
{M} {I} {C} {R} O {N} {E} {S} {I} {A}
Oceania
0%
{F} {E} {D} {E} {R} {A} {T} {E} {D} ↵
{S} {T} {A} {T} {E} {S} ↵
{O} {F} ↵
{M} {I} {C} {R} {O} {N} {E} {S} {I} A
Oceania
0%
{F} {E} D {E} {R} {A} {T} {E} {D} ↵
{S} {T} {A} {T} {E} {S} ↵
{O} {F} ↵
{M} {I} {C} {R} {O} {N} {E} {S} {I} {A}
Oceania
0%
{F} {E} {D} {E} {R} {A} {T} {E} {D} ↵
{S} T {A} {T} {E} {S} ↵
{O} {F} ↵
{M} {I} {C} {R} {O} {N} {E} {S} {I} {A}
Oceania
0%
{F} {E} {D} {E} {R} {A} {T} {E} {D} ↵
{S} {T} {A} {T} E {S} ↵
{O} {F} ↵
{M} {I} {C} {R} {O} {N} {E} {S} {I} {A}
Oceania
0%
{F} {E} {D} {E} {R} {A} {T} {E} D ↵
{S} {T} {A} {T} {E} {S} ↵
{O} {F} ↵
{M} {I} {C} {R} {O} {N} {E} {S} {I} {A}
Oceania
0%
{F} {E} {D} {E} {R} {A} {T} {E} {D} ↵
{S} {T} {A} {T} {E} {S} ↵
{O} F ↵
{M} {I} {C} {R} {O} {N} {E} {S} {I} {A}
Oceania
0%
{F} {E} {D} {E} {R} {A} {T} {E} {D} ↵
{S} {T} {A} {T} {E} {S} ↵
{O} {F} ↵
{M} {I} C {R} {O} {N} {E} {S} {I} {A}
Oceania
0%
{F} {E} {D} {E} {R} {A} {T} {E} {D} ↵
{S} {T} {A} T {E} {S} ↵
{O} {F} ↵
{M} {I} {C} {R} {O} {N} {E} {S} {I} {A}
Oceania
0%
{F} {E} {D} {E} {R} {A} {T} {E} {D} ↵
{S} {T} {A} {T} {E} {S} ↵
{O} {F} ↵
{M} I {C} {R} {O} {N} {E} {S} {I} {A}
Oceania
0%
{F} {E} {D} E {R} {A} {T} {E} {D} ↵
{S} {T} {A} {T} {E} {S} ↵
{O} {F} ↵
{M} {I} {C} {R} {O} {N} {E} {S} {I} {A}
Oceania
0%
{F} {E} {D} {E} {R} {A} {T} {E} {D} ↵
{S} {T} A {T} {E} {S} ↵
{O} {F} ↵
{M} {I} {C} {R} {O} {N} {E} {S} {I} {A}
Oceania
0%
F {I} {J} {I}Oceania
0%
F {I} {N} {L} {A} {N} {D}Europe
0%
G {A} B {O} {N}Africa
0%
{G} A B {O} {N}Africa
0%
{G} {A} B O {N}Africa
0%
{G} {A} B {O} NAfrica
0%
{G} {A} {B} O NAfrica
0%
G {A} {M} {B} I {A}Africa
0%
G {A} {M} B {I} {A}Africa
0%
G A {M} {B} {I} {A}Africa
0%
{G} {E} {O} {R} G I {A}Asia
0%
{G} E O {R} {G} {I} {A}Asia
0%
G {E} {O} {R} G {I} {A}Asia
0%
{G} E {O} {R} {G} {I} AAsia
0%
{G} E {O} R {G} {I} {A}Asia
0%
G {E} O {R} {G} {I} {A}Asia
0%
G {E} {O} R {G} {I} {A}Asia
0%
{G} {E} {O} R {G} {I} AAsia
0%
{G} {E} O R {G} {I} {A}Asia
0%
G {E} R {M} {A} {N} {Y}Europe
0%
{G} {E} R {M} {A} {N} YEurope
0%
{G} E R {M} {A} {N} {Y}Europe
0%
{G} E {R} {M} {A} {N} YEurope
0%
G {E} {R} M {A} {N} {Y}Europe
0%
G {E} {R} {M} {A} {N} YEurope
0%
{G} {E} {R} M {A} N {Y}Europe
0%
{G} {E} R M {A} {N} {Y}Europe
0%
G H {A} {N} {A}Africa
0%
{G} {H} A {N} AAfrica
0%
G {H} {A} {N} AAfrica
0%
{G} {H} A N {A}Africa
0%
{G} H A {N} {A}Africa
0%
{G} {R} {E} E {C} {E}Europe
0%
{G} {R} {E} N {A} D {A}North America
0%
{G} R {E} {N} {A} D {A}North America
0%
{G} {R} {E} N {A} {D} ANorth America
0%
{G} {R} {E} N A {D} {A}North America
0%
{G} {R} {E} {N} {A} D ANorth America
0%
G {R} E {N} {A} {D} {A}North America
0%
{G} {R} E {N} {A} D {A}North America
0%
{G} {R} {E} {N} A D {A}North America
0%
G R {E} {N} {A} {D} {A}North America
0%
G {R} {E} {N} {A} D {A}North America
0%
{G} {U} {A} {T} E {M} {A} {L} {A}North America
0%
{G} {U} {A} {T} {E} M {A} {L} {A}North America
0%
{G} {U} {A} {T} {E} {M} A {L} {A}North America
0%
G {U} {A} {T} {E} {M} {A} {L} {A}North America
0%
{G} {U} A {T} {E} {M} {A} {L} {A}North America
0%
{G} {U} I N {E} {A}Africa
0%
{G} {U} I {N} {E} AAfrica
0%
{G} U {I} N {E} {A}Africa
0%
G {U} {I} {N} E {A}Africa
0%
{G} U I {N} {E} {A}Africa
0%
{G} {U} {I} {N} E AAfrica
0%
G {U} {I} N {E} {A}Africa
0%
{G} {U} {I} {N} {E} {A} {-} {B} {I} S {S} {A} {U}Africa
0%
{G} {U} {I} {N} {E} {A} {-} {B} I {S} {S} {A} {U}Africa
0%
{G} {U} {I} {N} {E} {A} {-} {B} {I} {S} {S} A {U}Africa
0%
G {U} {I} {N} {E} {A} {-} {B} {I} {S} {S} {A} {U}Africa
0%
{G} {U} {I} {N} {E} {A} {-} B {I} {S} {S} {A} {U}Africa
0%
{G} {U} {I} {N} {E} {A} {-} {B} {I} {S} {S} {A} UAfrica
0%
{G} {U} {I} {N} {E} {A} {-} {B} {I} {S} S {A} {U}Africa
0%
{G} U {I} {N} {E} {A} {-} {B} {I} {S} {S} {A} {U}Africa
0%
{G} {U} {I} {N} {E} A {-} {B} {I} {S} {S} {A} {U}Africa
0%
H {A} {I} {T} {I}North America
0%
H {O} {N} {D} {U} {R} {A} {S}North America
0%
I C {E} {L} {A} {N} {D}Europe
0%
{I} C {E} {L} {A} {N} DEurope
0%
{I} C E {L} {A} {N} {D}Europe
0%
{I} C {E} {L} A {N} {D}Europe
0%
{I} C {E} L {A} {N} {D}Europe
0%
{I} N {D} {I} {A}Asia
0%
{I} {N} {D} O {N} {E} {S} {I} {A}Asia
0%
{I} {N} D {O} {N} {E} {S} {I} {A}Asia
0%
{I} N {D} {O} {N} {E} {S} {I} {A}Asia
0%
{I} {N} {D} {O} {N} E {S} {I} {A}Asia
0%
{I} R {A} NAsia
0%
{I} R {E} L {A} {N} {D}Europe
0%
{I} R {E} {L} {A} N {D}Europe
0%
I R {E} {L} {A} {N} {D}Europe
0%
{I} R {E} {L} {A} {N} DEurope
0%
{I} S {R} {A} {E} {L}Asia
0%
{I} {T} {A} {L} YEurope
0%
{I} T {A} {L} {Y}Europe
0%
{I} {V} {O} {R} {Y} ↵
{C} {O} {A} {S} T
Africa
0%
{I} V {O} {R} {Y} ↵
{C} {O} {A} {S} {T}
Africa
0%
{I} {V} {O} {R} Y ↵
{C} {O} {A} {S} {T}
Africa
0%
{I} {V} {O} R {Y} ↵
{C} {O} {A} {S} {T}
Africa
0%
{I} {V} {O} {R} {Y} ↵
{C} {O} {A} S {T}
Africa
0%
{I} {V} {O} {R} {Y} ↵
C {O} {A} {S} {T}
Africa
0%
J {A} {M} {A} {I} {C} {A}North America
0%
J {A} {P} {A} {N}Asia
0%
J {O} {R} {D} {A} {N}Asia
0%
K {E} {N} {Y} {A}Africa
0%
{K} {U} W {A} {I} {T}Asia
0%
{K} {U} {W} {A} {I} TAsia
0%
{K} {Y} {R} {G} {Y} Z {S} {T} {A} {N}Asia
0%
{K} {Y} R {G} {Y} {Z} {S} {T} {A} {N}Asia
0%
{L} {A} {O} SAsia
0%
L {A} {O} {S}Asia
0%
{L} {A} O {S}Asia
0%
{L} {A} {T} V {I} {A}Europe
0%
{L} {E} {B} {A} {N} O NAsia
0%
L {E} {B} {A} {N} {O} NAsia
0%
{L} E {B} {A} {N} {O} NAsia
0%
{L} E {B} {A} N {O} {N}Asia
0%
{L} {E} B {A} {N} O {N}Asia
0%
{L} {E} {B} A {N} {O} NAsia
0%
{L} {E} {B} {A} N {O} NAsia
0%
{L} E {B} {A} {N} O {N}Asia
0%
L {E} {B} {A} N {O} {N}Asia
0%
{L} {E} {S} {O} {T} H {O}Africa
0%
{L} I B {E} {R} {I} {A}Africa
0%
L {I} {B} {E} R {I} {A}Africa
0%
{L} {I} B {E} R {I} {A}Africa
0%
L {I} {B} {E} {R} I {A}Africa
0%
L I {B} {E} {R} {I} {A}Africa
0%
L {I} {B} {Y} {A}Africa
0%
{L} {I} {E} C {H} {T} {E} {N} {S} {T} {E} {I} {N}Europe
0%
{L} {I} E {C} {H} {T} {E} {N} {S} {T} {E} {I} {N}Europe
0%
{L} {I} {E} {C} {H} T {E} {N} {S} {T} {E} {I} {N}Europe
0%
{L} I {E} {C} {H} {T} {E} {N} {S} {T} {E} {I} {N}Europe
0%
{L} {I} {E} {C} {H} {T} E {N} {S} {T} {E} {I} {N}Europe
0%
{L} {I} {E} {C} {H} {T} {E} {N} {S} {T} E {I} {N}Europe
0%
{L} {I} {E} {C} {H} {T} {E} {N} {S} {T} {E} {I} NEurope
0%
{L} {I} {E} {C} {H} {T} {E} {N} {S} {T} {E} I {N}Europe
0%
{L} {I} {E} {C} H {T} {E} {N} {S} {T} {E} {I} {N}Europe
0%
{L} {I} {T} {H} U {A} {N} {I} {A}Europe
0%
L {I} {T} {H} {U} {A} {N} {I} {A}Europe
0%
{L} {I} T {H} {U} {A} {N} {I} {A}Europe
0%
{L} {U} {X} {E} {M} {B} O {U} {R} {G}Europe
0%
{L} {U} X {E} {M} {B} {O} {U} {R} {G}Europe
0%
L {U} {X} {E} {M} {B} {O} {U} {R} {G}Europe
0%
{M} {A} {D} {A} G {A} {S} {C} {A} {R}Africa
0%
{M} {A} D {A} {G} {A} {S} {C} {A} {R}Africa
0%
{M} {A} {D} {A} {G} {A} {S} C {A} {R}Africa
0%
{M} {A} {L} {A} W {I}Africa
0%
{M} {A} {L} {A} {Y} S {I} {A}Asia
0%
{M} {A} {L} {A} Y {S} {I} {A}Asia
0%
{M} {A} {L} {D} {I} V {E} {S}Asia
0%
{M} {A} {L} {D} I {V} {E} {S}Asia
0%
{M} {A} {L} {D} {I} {V} E {S}Asia
0%
M {A} {L} {I}Africa
0%
{M} {A} {R} {S} {H} {A} {L} {L} ↵
{I} {S} {L} {A} {N} {D} S
Oceania
0%
{M} {A} {R} {S} {H} {A} {L} {L} ↵
{I} {S} L {A} {N} {D} {S}
Oceania
0%
{M} {A} {R} {S} {H} {A} {L} L ↵
{I} {S} {L} {A} {N} {D} {S}
Oceania
0%
{M} {A} {R} {S} {H} {A} {L} {L} ↵
{I} S {L} {A} {N} {D} {S}
Oceania
0%
{M} {A} {R} S {H} {A} {L} {L} ↵
{I} {S} {L} {A} {N} {D} {S}
Oceania
0%
{M} {A} {R} {S} {H} A {L} {L} ↵
{I} {S} {L} {A} {N} {D} {S}
Oceania
0%
{M} {A} {R} {S} {H} {A} {L} {L} ↵
{I} {S} {L} A {N} {D} {S}
Oceania
0%
{M} {A} R {S} {H} {A} {L} {L} ↵
{I} {S} {L} {A} {N} {D} {S}
Oceania
0%
{M} {A} {R} {S} {H} {A} L {L} ↵
{I} {S} {L} {A} {N} {D} {S}
Oceania
0%
M {A} {R} {S} {H} {A} {L} {L} ↵
{I} {S} {L} {A} {N} {D} {S}
Oceania
0%
{M} {A} {R} {S} {H} {A} {L} {L} ↵
I {S} {L} {A} {N} {D} {S}
Oceania
0%
{M} {A} {U} {R} {I} {T} {A} N {I} {A}Africa
0%
{M} {A} U {R} {I} {T} {A} {N} {I} {A}Africa
0%
{M} {A} {U} {R} {I} {T} A {N} {I} {A}Africa
0%
{M} {A} {U} {R} I {T} {A} {N} {I} {A}Africa
0%
{M} {A} {U} {R} {I} {T} {A} {N} I {A}Africa
0%
{M} {A} {U} {R} I {T} {I} {U} {S}Africa
0%
{M} A {U} {R} {I} {T} {I} {U} {S}Africa
0%
{M} {A} U {R} {I} {T} {I} {U} {S}Africa
0%
{M} {A} {U} {R} {I} {T} {I} {U} SAfrica
0%
{M} {O} {L} {D} O {V} {A}Europe
0%
{M} {O} {L} D {O} {V} {A}Europe
0%
M {O} N {A} {C} {O}Europe
0%
{M} O N {A} {C} {O}Europe
0%
M O {N} {A} {C} {O}Europe
0%
{M} {O} {N} A {C} OEurope
0%
{M} {O} N {A} C {O}Europe
0%
{M} {O} {N} A C {O}Europe
0%
{M} {O} {N} {G} {O} L {I} {A}Asia
0%
{M} {O} {N} {T} E {N} {E} {G} {R} {O}Europe
0%
{M} {O} {N} {T} {E} N {E} {G} {R} {O}Europe
0%
{M} {O} {R} {O} C {C} {O}Africa
0%
{M} {O} {Z} {A} {M} {B} {I} {Q} U {E}Africa
0%
{M} {Y} A {N} {M} {A} {R}Asia
0%
{N} {A} {M} {I} B {I} {A}Africa
0%
{N} {A} {U} R {U}Oceania
0%
{N} {A} U {R} {U}Oceania
0%
{N} {E} {P} {A} LAsia
0%
{N} {E} {T} {H} {E} {R} {L} {A} {N} D {S}Europe
0%
{N} {E} T {H} {E} {R} {L} {A} {N} {D} {S}Europe
0%
{N} {E} {T} {H} E {R} {L} {A} {N} {D} {S}Europe
0%
{N} {E} {W} ↵
{Z} {E} A {L} {A} {N} {D}
Oceania
0%
{N} {I} C {A} {R} {A} {G} {U} {A}North America
0%
N {I} {G} E {R} {I} {A}Africa
0%
N {I} G {E} {R} {I} {A}Africa
0%
{N} {O} {R} {T} {H} ↵
M {A} {C} {E} {D} {O} {N} {I} {A}
Europe
0%
{N} {O} R {T} {H} ↵
{M} {A} {C} {E} {D} {O} {N} {I} {A}
Europe
0%
{N} {O} {R} {T} {H} ↵
{M} {A} {C} E {D} {O} {N} {I} {A}
Europe
0%
{N} {O} {R} {T} {H} ↵
{M} {A} C {E} {D} {O} {N} {I} {A}
Europe
0%
{N} {O} {R} T {H} ↵
{M} {A} {C} {E} {D} {O} {N} {I} {A}
Europe
0%
{N} {O} {R} {T} {H} ↵
{M} A {C} {E} {D} {O} {N} {I} {A}
Europe
0%
{N} {O} {R} {T} {H} ↵
{M} {A} {C} {E} {D} {O} {N} {I} A
Europe
0%
{N} {O} {R} {T} {H} ↵
{M} {A} {C} {E} D {O} {N} {I} {A}
Europe
0%
O {M} {A} {N}Asia
0%
{O} M {A} {N}Asia
0%
{P} {A} {K} {I} {S} T {A} {N}Asia
0%
{P} {A} K {I} {S} {T} {A} {N}Asia
0%
{P} {A} {N} {A} M {A}North America
0%
{P} {A} {P} {U} {A} ↵
{N} {E} {W} ↵
{G} U {I} {N} {E} {A}
Oceania
0%
{P} {A} {P} {U} {A} ↵
{N} E {W} ↵
{G} {U} {I} {N} {E} {A}
Oceania
0%
{P} {A} P {U} {A} ↵
{N} {E} {W} ↵
{G} {U} {I} {N} {E} {A}
Oceania
0%
{P} {A} {P} {U} {A} ↵
N {E} {W} ↵
{G} {U} {I} {N} {E} {A}
Oceania
0%
{P} {A} {P} {U} {A} ↵
{N} {E} {W} ↵
{G} {U} I {N} {E} {A}
Oceania
0%
{P} {A} {P} {U} {A} ↵
{N} {E} {W} ↵
{G} {U} {I} {N} {E} A
Oceania
0%
{P} {A} {R} {A} {G} {U} {A} YSouth America
0%
{P} E {R} {U}South America
0%
{P} H {I} {L} {I} {P} {P} {I} {N} {E} {S}Asia
0%
{P} {H} {I} {L} {I} {P} P {I} {N} {E} {S}Asia
0%
{P} {H} {I} {L} I {P} {P} {I} {N} {E} {S}Asia
0%
{P} {H} {I} L {I} {P} {P} {I} {N} {E} {S}Asia
0%
{P} {O} {L} {A} {N} DEurope
0%
{P} {O} {R} {T} {U} {G} {A} LEurope
0%
{P} {O} {R} T {U} {G} {A} {L}Europe
0%
{R} {E} {P} {U} {B} {L} I {C} ↵
{O} {F} ↵
{T} {H} {E} ↵
{C} {O} {N} {G} {O}
Africa
0%
{R} {E} {P} {U} {B} {L} {I} {C} ↵
{O} {F} ↵
{T} {H} {E} ↵
{C} O {N} {G} {O}
Africa
0%
{R} E {P} {U} {B} {L} {I} {C} ↵
{O} {F} ↵
{T} {H} {E} ↵
{C} {O} {N} {G} {O}
Africa
0%
{R} {E} {P} {U} {B} {L} {I} {C} ↵
{O} {F} ↵
T {H} {E} ↵
{C} {O} {N} {G} {O}
Africa
0%
{R} {E} P {U} {B} {L} {I} {C} ↵
{O} {F} ↵
{T} {H} {E} ↵
{C} {O} {N} {G} {O}
Africa
0%
{R} {E} {P} {U} {B} {L} {I} {C} ↵
{O} {F} ↵
{T} {H} {E} ↵
C {O} {N} {G} {O}
Africa
0%
R {E} {P} {U} {B} {L} {I} {C} ↵
{O} {F} ↵
{T} {H} {E} ↵
{C} {O} {N} {G} {O}
Africa
0%
{R} {E} {P} {U} {B} {L} {I} {C} ↵
{O} {F} ↵
{T} {H} {E} ↵
{C} {O} {N} {G} O
Africa
0%
{R} {E} {P} {U} {B} {L} {I} {C} ↵
{O} {F} ↵
{T} {H} {E} ↵
{C} {O} {N} G {O}
Africa
0%
{R} {E} {P} {U} {B} {L} {I} {C} ↵
{O} {F} ↵
{T} {H} {E} ↵
{C} {O} N {G} {O}
Africa
0%
{R} {E} {P} {U} {B} {L} {I} {C} ↵
{O} F ↵
{T} {H} {E} ↵
{C} {O} {N} {G} {O}
Africa
0%
{R} {E} {P} {U} {B} {L} {I} {C} ↵
O {F} ↵
{T} {H} {E} ↵
{C} {O} {N} {G} {O}
Africa
0%
{R} {U} {S} S {I} {A}Europe
0%
{R} W A {N} {D} {A}Africa
0%
R {W} {A} {N} D {A}Africa
0%
{R} W {A} {N} {D} AAfrica
0%
R W {A} {N} {D} {A}Africa
0%
{S} {A} {I} {N} {T} ↵
{K} I {T} {T} {S} ↵
{A} {N} {D} ↵
{N} {E} {V} {I} {S}
North America
0%
{S} {A} {I} {N} {T} ↵
K {I} {T} {T} {S} ↵
{A} {N} {D} ↵
{N} {E} {V} {I} {S}
North America
0%
{S} {A} {I} {N} {T} ↵
{K} {I} {T} {T} {S} ↵
{A} N {D} ↵
{N} {E} {V} {I} {S}
North America
0%
{S} {A} {I} {N} {T} ↵
{K} {I} {T} {T} S ↵
{A} {N} {D} ↵
{N} {E} {V} {I} {S}
North America
0%
{S} A {I} {N} {T} ↵
{K} {I} {T} {T} {S} ↵
{A} {N} {D} ↵
{N} {E} {V} {I} {S}
North America
0%
{S} {A} {I} {N} {T} ↵
{K} {I} {T} {T} {S} ↵
{A} {N} {D} ↵
{N} E {V} {I} {S}
North America
0%
{S} {A} {I} {N} {T} ↵
{K} {I} {T} {T} {S} ↵
{A} {N} D ↵
{N} {E} {V} {I} {S}
North America
0%
{S} {A} {I} {N} {T} ↵
{K} {I} {T} {T} {S} ↵
{A} {N} {D} ↵
{N} {E} V {I} {S}
North America
0%
{S} {A} {I} {N} {T} ↵
{K} {I} {T} {T} {S} ↵
{A} {N} {D} ↵
{N} {E} {V} I {S}
North America
0%
{S} {A} {I} {N} {T} ↵
{K} {I} {T} {T} {S} ↵
{A} {N} {D} ↵
{N} {E} {V} {I} S
North America
0%
{S} {A} {I} {N} {T} ↵
{K} {I} {T} T {S} ↵
{A} {N} {D} ↵
{N} {E} {V} {I} {S}
North America
0%
{S} {A} {I} {N} {T} ↵
{K} {I} {T} {T} {S} ↵
A {N} {D} ↵
{N} {E} {V} {I} {S}
North America
0%
{S} {A} {I} {N} {T} ↵
{L} {U} {C} I {A}
North America
0%
{S} A {I} {N} {T} ↵
{L} {U} {C} {I} {A}
North America
0%
{S} {A} {I} N {T} ↵
{L} {U} {C} {I} {A}
North America
0%
{S} {A} {I} {N} {T} ↵
{V} {I} {N} {C} {E} {N} {T} ↵
{A} {N} {D} ↵
T {H} {E} ↵
{G} {R} {E} {N} {A} {D} {I} {N} {E} {S}
North America
0%
{S} {A} {I} {N} {T} ↵
{V} {I} {N} {C} {E} {N} {T} ↵
{A} {N} {D} ↵
{T} {H} {E} ↵
{G} {R} {E} {N} A {D} {I} {N} {E} {S}
North America
0%
{S} {A} {I} {N} {T} ↵
{V} {I} {N} {C} {E} {N} {T} ↵
{A} {N} {D} ↵
{T} {H} {E} ↵
{G} {R} {E} {N} {A} {D} {I} {N} E {S}
North America
0%
{S} {A} {I} {N} {T} ↵
{V} {I} {N} {C} {E} {N} T ↵
{A} {N} {D} ↵
{T} {H} {E} ↵
{G} {R} {E} {N} {A} {D} {I} {N} {E} {S}
North America
0%
{S} {A} {I} {N} {T} ↵
{V} {I} {N} {C} {E} {N} {T} ↵
{A} {N} {D} ↵
{T} H {E} ↵
{G} {R} {E} {N} {A} {D} {I} {N} {E} {S}
North America
0%
{S} {A} {I} {N} {T} ↵
{V} {I} {N} {C} {E} N {T} ↵
{A} {N} {D} ↵
{T} {H} {E} ↵
{G} {R} {E} {N} {A} {D} {I} {N} {E} {S}
North America
0%
{S} {A} {I} {N} {T} ↵
V {I} {N} {C} {E} {N} {T} ↵
{A} {N} {D} ↵
{T} {H} {E} ↵
{G} {R} {E} {N} {A} {D} {I} {N} {E} {S}
North America
0%
{S} {A} {I} {N} T ↵
{V} {I} {N} {C} {E} {N} {T} ↵
{A} {N} {D} ↵
{T} {H} {E} ↵
{G} {R} {E} {N} {A} {D} {I} {N} {E} {S}
North America
0%
{S} {A} {I} N {T} ↵
{V} {I} {N} {C} {E} {N} {T} ↵
{A} {N} {D} ↵
{T} {H} {E} ↵
{G} {R} {E} {N} {A} {D} {I} {N} {E} {S}
North America
0%
{S} {A} {I} {N} {T} ↵
{V} {I} {N} {C} {E} {N} {T} ↵
{A} {N} {D} ↵
{T} {H} E ↵
{G} {R} {E} {N} {A} {D} {I} {N} {E} {S}
North America
0%
{S} {A} {I} {N} {T} ↵
{V} {I} {N} {C} {E} {N} {T} ↵
{A} {N} {D} ↵
{T} {H} {E} ↵
{G} {R} {E} {N} {A} {D} I {N} {E} {S}
North America
0%
{S} {A} {I} {N} {T} ↵
{V} {I} {N} {C} E {N} {T} ↵
{A} {N} {D} ↵
{T} {H} {E} ↵
{G} {R} {E} {N} {A} {D} {I} {N} {E} {S}
North America
0%
{S} {A} {I} {N} {T} ↵
{V} {I} N {C} {E} {N} {T} ↵
{A} {N} {D} ↵
{T} {H} {E} ↵
{G} {R} {E} {N} {A} {D} {I} {N} {E} {S}
North America
0%
{S} {A} {I} {N} {T} ↵
{V} {I} {N} {C} {E} {N} {T} ↵
{A} {N} {D} ↵
{T} {H} {E} ↵
{G} {R} {E} {N} {A} D {I} {N} {E} {S}
North America
0%
{S} A {I} {N} {T} ↵
{V} {I} {N} {C} {E} {N} {T} ↵
{A} {N} {D} ↵
{T} {H} {E} ↵
{G} {R} {E} {N} {A} {D} {I} {N} {E} {S}
North America
0%
{S} {A} {I} {N} {T} ↵
{V} {I} {N} {C} {E} {N} {T} ↵
{A} N {D} ↵
{T} {H} {E} ↵
{G} {R} {E} {N} {A} {D} {I} {N} {E} {S}
North America
0%
{S} {A} {I} {N} {T} ↵
{V} {I} {N} {C} {E} {N} {T} ↵
{A} {N} {D} ↵
{T} {H} {E} ↵
{G} {R} {E} {N} {A} {D} {I} {N} {E} S
North America
0%
{S} {A} M {O} AOceania
0%
{S} {A} {M} O AOceania
0%
{S} {Ã} {O} ↵
{T} {O} {M} {É} ↵
{A} {N} {D} ↵
P {R} {Í} {N} {C} {I} {P} {E}
Africa
0%
{S} {Ã} {O} ↵
{T} {O} {M} {É} ↵
{A} {N} {D} ↵
{P} {R} Í {N} {C} {I} {P} {E}
Africa
0%
{S} {Ã} {O} ↵
{T} {O} {M} É ↵
{A} {N} {D} ↵
{P} {R} {Í} {N} {C} {I} {P} {E}
Africa
0%
{S} {Ã} {O} ↵
{T} {O} {M} {É} ↵
{A} N {D} ↵
{P} {R} {Í} {N} {C} {I} {P} {E}
Africa
0%
{S} {Ã} {O} ↵
{T} {O} {M} {É} ↵
{A} {N} {D} ↵
{P} {R} {Í} {N} {C} I {P} {E}
Africa
0%
{S} {Ã} O ↵
{T} {O} {M} {É} ↵
{A} {N} {D} ↵
{P} {R} {Í} {N} {C} {I} {P} {E}
Africa
0%
{S} {Ã} {O} ↵
{T} {O} {M} {É} ↵
{A} {N} {D} ↵
{P} {R} {Í} {N} {C} {I} {P} E
Africa
0%
{S} {Ã} {O} ↵
{T} {O} M {É} ↵
{A} {N} {D} ↵
{P} {R} {Í} {N} {C} {I} {P} {E}
Africa
0%
{S} {Ã} {O} ↵
{T} {O} {M} {É} ↵
{A} {N} D ↵
{P} {R} {Í} {N} {C} {I} {P} {E}
Africa
0%
{S} {Ã} {O} ↵
{T} {O} {M} {É} ↵
{A} {N} {D} ↵
{P} {R} {Í} {N} C {I} {P} {E}
Africa
0%
{S} {A} {U} {D} {I} ↵
{A} {R} {A} {B} I {A}
Asia
0%
{S} {A} {U} {D} {I} ↵
{A} {R} A {B} {I} {A}
Asia
0%
{S} {A} {U} {D} {I} ↵
{A} R {A} {B} {I} {A}
Asia
0%
{S} {E} R {B} {I} AEurope
0%
{S} {E} R {B} I {A}Europe
0%
S {E} {R} {B} I {A}Europe
0%
S {E} {R} {B} {I} AEurope
0%
S {E} R {B} {I} {A}Europe
0%
{S} E {R} B {I} {A}Europe
0%
S {E} {R} B {I} {A}Europe
0%
{S} E {R} {B} {I} AEurope
0%
{S} E R {B} {I} {A}Europe
0%
{S} {E} R B {I} {A}Europe
0%
{S} E {R} {B} I {A}Europe
0%
{S} E {Y} {C} {H} {E} {L} {L} {E} {S}Africa
0%
{S} {E} {Y} {C} {H} {E} L {L} {E} {S}Africa
0%
{S} {E} {Y} {C} {H} {E} {L} {L} {E} SAfrica
0%
{S} {E} {Y} {C} {H} {E} {L} L {E} {S}Africa
0%
{S} {E} {Y} {C} {H} E {L} {L} {E} {S}Africa
0%
{S} {E} Y {C} {H} {E} {L} {L} {E} {S}Africa
0%
{S} {I} {E} {R} {R} {A} ↵
{L} {E} {O} N {E}
Africa
0%
{S} {I} E {R} {R} {A} ↵
{L} {E} {O} {N} {E}
Africa
0%
{S} {I} {E} {R} {R} {A} ↵
{L} E {O} {N} {E}
Africa
0%
{S} {I} {E} {R} {R} {A} ↵
L {E} {O} {N} {E}
Africa
0%
{S} {I} {E} {R} {R} {A} ↵
{L} {E} {O} {N} E
Africa
0%
{S} {I} {E} {R} {R} {A} ↵
{L} {E} O {N} {E}
Africa
0%
{S} {I} {E} R {R} {A} ↵
{L} {E} {O} {N} {E}
Africa
0%
{S} {I} {E} {R} R {A} ↵
{L} {E} {O} {N} {E}
Africa
0%
{S} {I} {N} {G} {A} {P} {O} {R} EAsia
0%
{S} {I} {N} {G} A {P} {O} {R} {E}Asia
0%
{S} {L} {O} {V} {A} K {I} {A}Europe
0%
{S} {L} {O} {V} E {N} {I} {A}Europe
0%
{S} {O} {L} O {M} {O} {N} ↵
{I} {S} {L} {A} {N} {D} {S}
Oceania
0%
{S} {O} {L} {O} {M} O {N} ↵
{I} {S} {L} {A} {N} {D} {S}
Oceania
0%
S {O} {L} {O} {M} {O} {N} ↵
{I} {S} {L} {A} {N} {D} {S}
Oceania
0%
{S} {O} {L} {O} {M} {O} N ↵
{I} {S} {L} {A} {N} {D} {S}
Oceania
0%
{S} {O} {L} {O} {M} {O} {N} ↵
{I} S {L} {A} {N} {D} {S}
Oceania
0%
{S} {O} {M} {A} L {I} {A}Africa
0%
{S} {O} {U} {T} {H} ↵
{A} F {R} {I} {C} {A}
Africa
0%
{S} {O} {U} {T} {H} ↵
{A} {F} {R} {I} C {A}
Africa
0%
{S} {O} {U} {T} {H} ↵
{A} {F} R {I} {C} {A}
Africa
0%
{S} O {U} {T} {H} ↵
{A} {F} {R} {I} {C} {A}
Africa
0%
{S} {O} {U} {T} H ↵
{A} {F} {R} {I} {C} {A}
Africa
0%
{S} {O} {U} T {H} ↵
{A} {F} {R} {I} {C} {A}
Africa
0%
{S} {O} U {T} {H} ↵
{K} O {R} {E} {A}
Asia
0%
{S} {O} U {T} {H} ↵
{K} {O} {R} {E} A
Asia
0%
{S} {O} U {T} {H} ↵
{K} {O} {R} E {A}
Asia
0%
{S} {O} {U} {T} {H} ↵
S {U} {D} {A} {N}
Africa
0%
{S} P {A} {I} {N}Europe
0%
{S} {U} {R} {I} {N} {A} M {E}South America
0%
S W {E} {D} {E} {N}Europe
0%
S {W} {E} D {E} {N}Europe
0%
{S} W {E} {D} {E} NEurope
0%
{S} W {E} D {E} {N}Europe
0%
T {A} {I} W {A} {N}Asia
0%
{T} A {I} {W} {A} NAsia
0%
T {A} {I} {W} A {N}Asia
0%
{T} {A} I {W} {A} NAsia
0%
T {A} {I} {W} {A} NAsia
0%
T {A} I {W} {A} {N}Asia
0%
{T} {A} {I} W {A} NAsia
0%
T A {I} {W} {A} {N}Asia
0%
{T} {A} J {I} {K} {I} {S} {T} {A} {N}Asia
0%
T {A} {J} {I} {K} {I} {S} {T} {A} {N}Asia
0%
{T} {A} {J} I {K} {I} {S} {T} {A} {N}Asia
0%
{T} {H} A {I} {L} {A} {N} {D}Asia
0%
{T} H {A} {I} {L} {A} {N} {D}Asia
0%
{T} {H} {A} {I} L {A} {N} {D}Asia
0%
{T} {H} {A} {I} {L} {A} {N} DAsia
0%
T {O} {G} {O}Africa
0%
{T} {O} G {O}Africa
0%
T {O} {N} {G} {A}Oceania
0%
{T} {O} {N} G {A}Oceania
0%
{T} {R} {I} {N} {I} {D} {A} {D} ↵
{A} {N} {D} ↵
{T} O {B} {A} {G} {O}
North America
0%
{T} {R} I {N} {I} {D} {A} {D} ↵
{A} {N} {D} ↵
{T} {O} {B} {A} {G} {O}
North America
0%
{T} R {I} {N} {I} {D} {A} {D} ↵
{A} {N} {D} ↵
{T} {O} {B} {A} {G} {O}
North America
0%
{T} {R} {I} {N} {I} {D} {A} D ↵
{A} {N} {D} ↵
{T} {O} {B} {A} {G} {O}
North America
0%
{T} {R} {I} {N} {I} {D} {A} {D} ↵
{A} {N} D ↵
{T} {O} {B} {A} {G} {O}
North America
0%
{T} {R} {I} {N} I {D} {A} {D} ↵
{A} {N} {D} ↵
{T} {O} {B} {A} {G} {O}
North America
0%
{T} {R} {I} N {I} {D} {A} {D} ↵
{A} {N} {D} ↵
{T} {O} {B} {A} {G} {O}
North America
0%
{T} {R} {I} {N} {I} {D} {A} {D} ↵
{A} {N} {D} ↵
{T} {O} {B} {A} {G} O
North America
0%
{T} {R} {I} {N} {I} D {A} {D} ↵
{A} {N} {D} ↵
{T} {O} {B} {A} {G} {O}
North America
0%
T {U} {N} {I} {S} {I} {A}Africa
0%
{T} {U} {R} K {E} {Y}Asia
0%
{T} {U} {R} {K} {M} {E} {N} {I} {S} {T} A {N}Asia
0%
{T} {U} {R} {K} {M} {E} {N} {I} S {T} {A} {N}Asia
0%
{T} {U} {R} {K} M {E} {N} {I} {S} {T} {A} {N}Asia
0%
{T} {U} {R} {K} {M} {E} {N} {I} {S} T {A} {N}Asia
0%
{T} {U} {R} {K} {M} {E} {N} I {S} {T} {A} {N}Asia
0%
{T} {U} {R} {K} {M} {E} {N} {I} {S} {T} {A} NAsia
0%
{T} {U} {R} {K} {M} E {N} {I} {S} {T} {A} {N}Asia
0%
{T} {U} V {A} {L} {U}Oceania
0%
{U} G {A} {N} {D} {A}Africa
0%
U {G} {A} {N} {D} {A}Africa
0%
{U} K {R} {A} {I} {N} {E}Europe
0%
{U} {K} {R} {A} {I} {N} EEurope
0%
{U} {N} {I} {T} {E} {D} ↵
{A} {R} {A} {B} ↵
{E} M {I} {R} {A} {T} {E} {S}
Asia
0%
{U} {N} {I} T {E} {D} ↵
{A} {R} {A} {B} ↵
{E} {M} {I} {R} {A} {T} {E} {S}
Asia
0%
{U} {N} {I} {T} {E} {D} ↵
{A} R {A} {B} ↵
{E} {M} {I} {R} {A} {T} {E} {S}
Asia
0%
{U} {N} {I} {T} {E} {D} ↵
{A} {R} {A} {B} ↵
{E} {M} {I} R {A} {T} {E} {S}
Asia
0%
{U} {N} {I} {T} {E} {D} ↵
{A} {R} {A} {B} ↵
{E} {M} {I} {R} {A} {T} {E} S
Asia
0%
{U} {N} {I} {T} {E} {D} ↵
{A} {R} {A} {B} ↵
{E} {M} I {R} {A} {T} {E} {S}
Asia
0%
{U} N {I} {T} {E} {D} ↵
{A} {R} {A} {B} ↵
{E} {M} {I} {R} {A} {T} {E} {S}
Asia
0%
{U} {N} I {T} {E} {D} ↵
{A} {R} {A} {B} ↵
{E} {M} {I} {R} {A} {T} {E} {S}
Asia
0%
{U} {N} {I} {T} {E} {D} ↵
{A} {R} {A} {B} ↵
{E} {M} {I} {R} A {T} {E} {S}
Asia
0%
{U} {N} {I} {T} {E} {D} ↵
{A} {R} {A} B ↵
{E} {M} {I} {R} {A} {T} {E} {S}
Asia
0%
{U} {N} {I} {T} {E} {D} ↵
{A} {R} {A} {B} ↵
{E} {M} {I} {R} {A} {T} E {S}
Asia
0%
{U} {N} {I} {T} {E} {D} ↵
{A} {R} A {B} ↵
{E} {M} {I} {R} {A} {T} {E} {S}
Asia
0%
{U} {N} {I} {T} {E} {D} ↵
{A} {R} {A} {B} ↵
E {M} {I} {R} {A} {T} {E} {S}
Asia
0%
U {N} {I} {T} {E} {D} ↵
{A} {R} {A} {B} ↵
{E} {M} {I} {R} {A} {T} {E} {S}
Asia
0%
{U} {N} {I} {T} {E} {D} ↵
{A} {R} {A} {B} ↵
{E} {M} {I} {R} {A} T {E} {S}
Asia
0%
{U} {N} {I} {T} {E} D ↵
{A} {R} {A} {B} ↵
{E} {M} {I} {R} {A} {T} {E} {S}
Asia
0%
{U} {N} {I} {T} {E} {D} ↵
{K} {I} {N} {G} D {O} {M}
Europe
0%
{U} {N} {I} T {E} {D} ↵
{K} {I} {N} {G} {D} {O} {M}
Europe
0%
{U} N {I} {T} {E} {D} ↵
{K} {I} {N} {G} {D} {O} {M}
Europe
0%
{U} {N} {I} {T} {E} {D} ↵
{K} {I} {N} G {D} {O} {M}
Europe
0%
{U} {N} {I} {T} {E} {D} ↵
{K} {I} N {G} {D} {O} {M}
Europe
0%
{U} {N} {I} {T} {E} {D} ↵
{K} {I} {N} {G} {D} {O} M
Europe
0%
{U} {N} {I} {T} {E} {D} ↵
{K} {I} {N} {G} {D} O {M}
Europe
0%
{U} {N} {I} {T} E {D} ↵
{K} {I} {N} {G} {D} {O} {M}
Europe
0%
{U} {N} {I} {T} {E} {D} ↵
K {I} {N} {G} {D} {O} {M}
Europe
0%
U {N} {I} {T} {E} {D} ↵
{S} {T} {A} {T} {E} {S}
North America
0%
{U} {N} {I} {T} {E} {D} ↵
{S} {T} {A} T {E} {S}
North America
0%
{U} {N} {I} {T} {E} {D} ↵
S {T} {A} {T} {E} {S}
North America
0%
{U} {N} {I} {T} {E} {D} ↵
{S} {T} {A} {T} {E} S
North America
0%
{U} {N} {I} {T} {E} {D} ↵
{S} {T} {A} {T} E {S}
North America
0%
{U} {N} {I} {T} {E} {D} ↵
{S} {T} A {T} {E} {S}
North America
0%
{U} {N} {I} {T} {E} D ↵
{S} {T} {A} {T} {E} {S}
North America
0%
{U} {R} {U} {G} U {A} {Y}South America
0%
{V} {A} {N} {U} {A} T {U}Oceania
0%
V {A} {T} {I} {C} {A} {N} ↵
{C} {I} {T} {Y}
Europe
0%
{V} {A} {T} I {C} {A} {N} ↵
{C} {I} {T} {Y}
Europe
0%
{V} {A} {T} {I} {C} {A} {N} ↵
{C} {I} T {Y}
Europe
0%
{V} {A} {T} {I} C {A} {N} ↵
{C} {I} {T} {Y}
Europe
0%
{V} {A} {T} {I} {C} {A} {N} ↵
C {I} {T} {Y}
Europe
0%
{V} {A} {T} {I} {C} {A} {N} ↵
{C} {I} {T} Y
Europe
0%
V {E} {N} {E} {Z} {U} {E} {L} {A}South America
0%
{V} E {N} {E} {Z} {U} {E} {L} {A}South America
0%
{V} {E} {N} {E} {Z} {U} E {L} {A}South America
0%
{V} {I} {E} {T} {N} A MAsia
0%
{V} {I} E {T} {N} A {M}Asia
0%
{V} {I} E T {N} {A} {M}Asia
0%
{V} I {E} T {N} {A} {M}Asia
0%
V {I} {E} {T} N {A} {M}Asia
0%
{V} {I} E {T} N {A} {M}Asia
0%
{V} {I} E {T} {N} {A} MAsia
0%
V I {E} {T} {N} {A} {M}Asia
0%
{V} {I} {E} T N {A} {M}Asia
0%
{V} I {E} {T} {N} A {M}Asia
0%
V {I} E {T} {N} {A} {M}Asia
0%
{V} {I} {E} T {N} {A} MAsia
0%
{V} I {E} {T} {N} {A} MAsia
0%
{V} I {E} {T} N {A} {M}Asia
0%
V {I} {E} {T} {N} {A} MAsia
0%
V {I} {E} T {N} {A} {M}Asia
0%
Z {A} {M} {B} {I} {A}Africa
0%
{Z} {I} {M} {B} {A} {B} W {E}Africa
0%
Z {I} {M} {B} {A} {B} {W} {E}Africa
0%

Score Distribution

Percentile by Number Answered

Percent of People with Each Score

Your Score History

You have not taken this quiz